{"text_format":"3","workbook":"xlsx","n_sheets":1,"sheets":["СМЭ 2024-25"],"not_rendered":{"defined_names":1},"read":"whole","date_system":"1900"}

{"sheet":"СМЭ 2024-25","index":0,"n_rows":406,"n_cols":14,"rows_kept":406,"merged":[[0,2,0,11]]}
[null,null,"Итоговый протокол муниципального этапа по предмету Физическая культура 2024 - 2025 учебный год"]
["№","Район","Название ОУ","Фамилия","Имя","Отчество","Пол","Класс","Класс участия","Итоговый балл","Макс балл","Статус","Учитель","Место работы учителя"]
[1,"Советский район","МБОУ \"Многопрофильный лицей №187\"","Мухаметбареева","Д.","Р.","ж",6,7,{"v":91.66777490121271,"d":"91.67"},100,"Победитель","Шмыков Н.а.","МБОУ \"Многопрофильный лицей №187\""]
[2,"Советский район","МБОУ \"Школа №15\"","Сунейкина","К.","В.","ж",7,7,{"v":90.72686662407456,"d":"90.73"},100,"Победитель","Каримов М.р","МБОУ \"Школа №15\""]
[3,"Советский район","МБОУ \"Лицей №79\"","Мукминова","Р.","Р.","ж",8,8,{"v":87.98078048780488,"d":"87.98"},100,"Победитель","Киямов Айнур Айратович","МБОУ \"Лицей №79\""]
[4,"Ново-Савиновский район","МБОУ \"Школа №113\"","Прокофьева","М.","И.","ж",8,8,{"v":87.68650406504065,"d":"87.69"},100,"Победитель","Рыжов А.в.","МБОУ \"Школа №113\""]
[5,"Ново-Савиновский район","МБОУ \"Школа №113\"","Гадыршина","Ш.","Д.","ж",7,7,{"v":87.2144145998422,"d":"87.21"},100,"Победитель","Рыжов А.в.","МБОУ \"Школа №113\""]
[6,"Ново-Савиновский район","МБОУ \"Гимназия №7\"","Кукса","Е.","С.","ж",8,8,{"v":85.9809292060438,"d":"85.98"},100,"Призер","Игошин Вячеслав Юрьевич","МБОУ \"Гимназия №7\""]
[7,"Авиастроительный район","МБОУ \"Школа№77\"","Мигунова","А.","А.","ж",8,8,{"v":85.6603466789385,"d":"85.66"},100,"Призер","Королев Андрей Анатольевич","МБОУ \"Школа№77\""]
[8,"Советский район","МБОУ \"Гимназия №175\"","Шакирова","З.","А.","ж",8,8,{"v":82.86560492743286,"d":"82.87"},100,"Призер","Лекомцев Д.ф.","МБОУ \"Гимназия №175\""]
[9,"Приволжский район","МБОУ \"Школа №82\"","Серебрякова","А.","М.","ж",6,7,{"v":82.81591322339958,"d":"82.82"},100,"Призер","Хабиров","МБОУ \"Школа №82\""]
[10,"Ново-Савиновский район","МБОУ \"Школа №113\"","Черемина","А.","С.","ж",7,7,{"v":82.66633196512771,"d":"82.67"},100,"Призер","Рыжов А.в.","МБОУ \"Школа №113\""]
[11,"Советский район","МБОУ \"Гимназия №175\"","Тухватуллина","С.","А.","ж",7,7,{"v":82.43023653537506,"d":"82.43"},100,"Призер","Смелов Р.а.","МБОУ \"Гимназия №175\""]
[12,"Ново-Савиновский район","МБОУ \"Гимназия №7\"","Пчелина","Р.","Р.","ж",8,8,{"v":82.23509328692447,"d":"82.24"},100,"Призер","Игошин Вячеслав Юрьевич","МБОУ \"Гимназия №7\""]
[13,"Советский район","МБОУ \"Лицей №79\"","Гатина","С.","М.","ж",7,7,{"v":81.40286320254506,"d":"81.40"},100,"Призер","Киямов Айнур Айратович","МБОУ \"Лицей №79\""]
[14,"Московский район","МБОУ \"Гимназия №9\"","Арсланова","Э.","Р.","ж",8,8,{"v":81.38677801790676,"d":"81.39"},100,"Призер","Фатхутдинов Марат Русланович","МБОУ \"Гимназия №9\""]
[15,"Авиастроительный район","МБОУ \"Школа№77\"","Степанова","Э.","А.","ж",7,7,{"v":81.13677576075895,"d":"81.14"},100,"Призер","Королев Андрей Анатольевич","МБОУ \"Школа№77\""]
[16,"Ново-Савиновский район","МБОУ \"Школа №113\"","Горевич","Е.","А.","ж",6,7,{"v":81.0468005371475,"d":"81.05"},100,"Призер","Рыжов А.в.","МБОУ \"Школа №113\""]
[17,"Советский район","МАОУ \"Лицей №121\"","Гимадеева","Д.","Т.","ж",8,8,{"v":80.73738191031472,"d":"80.74"},100,"Призер","Слободчиков Сергей Львович","МАОУ \"Лицей №121\""]
[18,"Ново-Савиновский район","МБОУ \"Школа №113\"","Валиуллина","М.","Р.","ж",5,7,{"v":80.4628367936572,"d":"80.46"},100,"Призер","Рыжов А.в.","МБОУ \"Школа №113\""]
[19,"Авиастроительный район","МБОУ \"Школа №54\"","Бурлакова","С.","В.","ж",6,7,{"v":80.28095562519871,"d":"80.28"},100,"Призер","Сафин И.г.","МБОУ \"Школа №54\""]
[20,"Приволжский район","МБОУ \"Лицей №186-\"Перспектива\"","Сабирова","Э.","И.","ж",7,7,{"v":79.92929026587564,"d":"79.93"},100,"Призер","Ибрагимов Ф.м","МБОУ \"Лицей №186-\"Перспектива\""]
[21,"Приволжский район","МАОУ \"Гимназия №19\"","Комарова","В.","М.","ж",7,7,{"v":79.68653354522215,"d":"79.69"},100,"Призер","Гибадуллина А.а","МАОУ \"Гимназия №19\""]
[22,"Приволжский район","МБОУ \"Лицей №35\"","Колесникова","Ю.","И.","ж",8,8,{"v":79.54757815183785,"d":"79.55"},100,"Призер","Хузиахметова Ирина Ильинична","МБОУ \"Лицей №35\""]
[23,"Ново-Савиновский район","МБОУ \"Школа №132\"","Михайлицына","М.","А.","ж",7,7,{"v":78.64838541523773,"d":"78.65"},100,"Призер","Хубатуллина А.и.","МБОУ \"Школа №132\""]
[24,"Советский район","МБОУ \"Лицей №149\"","Бадрутдинова","С.","А.","ж",8,8,{"v":78.61828601892576,"d":"78.62"},100,"Призер","Бурханова Гульчачак Гаптерауфовна","МБОУ \"Лицей №149\""]
[25,"Вахитовский район","МБОУ \"Школа №1\"","Зуева","А.","А.","ж",7,7,{"v":78.50319892143645,"d":"78.50"},100,"Призер","Куманина Р.р","МБОУ \"Школа №1\""]
[26,"Приволжский район","МБОУ \"Гимназия №6\"","Хабибуллина","Р.","А.","ж",8,8,{"v":78.50306845003934,"d":"78.50"},100,"Призер","Мухаметзянова С.и.","МБОУ \"Гимназия №6\""]
[27,"Советский район","МБОУ \"Гимназия №183\"","Халиуллина","А.","Р.","ж",6,8,{"v":78.04791566763124,"d":"78.05"},100,"Призер","Валиахметов Ильшат Гайсович","МБОУ \"Гимназия №183\""]
[28,"Советский район","МБОУ \"Лицей №149\"","Канипова","С.","Н.","ж",8,8,{"v":77.4015005762401,"d":"77.40"},100,"Призер","Бурханова Гульчачак Гаптерауфовна","МБОУ \"Лицей №149\""]
[29,"Советский район","МБОУ \"Гимназия №8 - Центр образования\"","Фетисова","Н.","Л.","ж",8,8,{"v":77.25977816622512,"d":"77.26"},100,"Призер","Корнееванаталья Алексеевна","МБОУ \"Гимназия №8 - Центр образования\""]
[30,"Ново-Савиновский район","МБОУ \"Гимназия №179-центр образования\"","Карпухина","К.","А.","ж",7,8,{"v":77.21553419634424,"d":"77.22"},100,"Призер","Хусаинов Д.д.","МБОУ \"Гимназия №179-центр образования\""]
[31,"Ново-Савиновский район","МБОУ \"Лицей №177\"","Шалаганова","В.","А.","ж",8,8,{"v":76.09218516674963,"d":"76.09"},100,"Призер","Ярохно Анатолий Дмитриевич","МБОУ \"Лицей №177\""]
[32,"Приволжский район","МБОУ \"Гимназия №21\"","Сабирова","А.","М.","ж",7,7,{"v":75.50930208003379,"d":"75.51"},100,"Призер","Хафизов Ильшат Исхакович","МБОУ \"Гимназия №21\""]
[33,"Авиастроительный район","МБОУ \"Школа №119\"","Гатауллина","Э.","Р.","ж",7,7,{"v":75.38780487804878,"d":"75.39"},100,"Призер","Павлова Альбина Николаевна","МБОУ \"Школа №119\""]
[34,"Советский район","МБОУ \"Гимназия №184\"","Мухамадиева","Р.","Р.","ж",7,7,{"v":75.37620823141046,"d":"75.38"},100,"Призер","Гаязова Л.а","МБОУ \"Гимназия №184\""]
[35,"Вахитовский район","МБОУ \"Гимназия №96\"","Ананич","Е.","С.","ж",6,7,{"v":75.10819916042297,"d":"75.11"},100,"Призер","Самарина Ирина Ваделеновна","МБОУ \"Гимназия №96\""]
[36,"Советский район","МБОУ \"Гимназия №8 - Центр образования\"","Мухаметдинова","А.","Р.","ж",7,7,{"v":74.01091725181749,"d":"74.01"},100,"Призер","Суслова Елена Александровна","МБОУ \"Гимназия №8 - Центр образования\""]
[37,"Приволжский район","СУНЦ IT-лицей КФУ","Масакова","С.","А.","ж",7,7,{"v":73.9661198095357,"d":"73.97"},100,"Призер","Чапурин Артем Игоревич","СУНЦ IT-лицей КФУ"]
[38,"Приволжский район","МБОУ \"Гимназия №52\"","Марышева","В.","Р.","ж",7,7,{"v":73.7156833356043,"d":"73.72"},100,"призер","Михеев Э.р.","МБОУ \"Гимназия №52\""]
[39,"Приволжский район","МБОУ \"Лицей №186-\"Перспектива\"","Менжулова","К.","А.","ж",8,8,{"v":73.27102278430192,"d":"73.27"},100,"участник","Гатауллин Айрат Хусаинович","МБОУ \"Лицей №186-\"Перспектива\""]
[40,"Приволжский район","МБОУ \"Школа №68\"","Кропачева","К.","В.","ж",8,8,{"v":72.97720357401593,"d":"72.98"},100,"участник","Хуртов Сергей Геннадьевич","МБОУ \"Школа №68\""]
[41,"Московский район","МБОУ \"Гимназия №75\"","Зайнуллина","Э.","А.","ж",8,8,{"v":72.97381647121773,"d":"72.97"},100,"участник","Толометова Эльвира Флитовна","МБОУ \"Гимназия №75\""]
[42,"Московский район","МБОУ \"Школа №99\"","Шакирова","С.","Д.","ж",5,7,{"v":72.93686059789769,"d":"72.94"},100,"участник","Горулёва С.а.","МБОУ \"Школа №99\""]
[43,"Советский район","МБОУ \"Гимназия №174\"","Багавиева","И.","Т.","ж",8,8,{"v":72.91678146017341,"d":"72.92"},100,"участник","Алексеев Р.в.","МБОУ \"Гимназия №174\""]
[44,"Советский район","МБОУ \"Гимназия №126\"","Севастьянова","К.","Д.","ж",8,8,{"v":72.8317187678919,"d":"72.83"},100,"участник","Гараев Булат Азатович","МБОУ \"Гимназия №126\""]
[45,"Московский район","МБОУ \"Татарская гимназия №2 при КФУ\"","Галиева","З.","Э.","ж",8,8,{"v":72.33363977939658,"d":"72.33"},100,"участник","Хабибуллин Б.г.","МБОУ \"Татарская гимназия №2 при КФУ\""]
[46,"Кировский район","МБОУ \"Многопрофильная гимназия №189 \"Заман\"","Хамидуллина","А.","Б.","ж",7,7,{"v":72.26936382689607,"d":"72.27"},100,"участник","Сорокин Александр Иванович","МБОУ \"Многопрофильная гимназия №189 \"Заман\""]
[47,"Кировский район","МАОУ \"Гимназия-интернат №4\"","Сафина","Р.","Р.","ж",8,8,{"v":72.2370143701437,"d":"72.24"},100,"участник","Вафина Резеда Равилевна","МАОУ \"Гимназия-интернат №4\""]
[48,"Приволжский район","МБОУ \"Гимназия №18\"","Утяганова","З.","Д.","ж",8,8,{"v":71.94718736782744,"d":"71.95"},100,"участник","Гафарова Альфия Гумаровна","МБОУ \"Гимназия №18\""]
[49,"Советский район","МБОУ \"Гимназия №93 имени А.С.Пушкина\"","Бадертдинова","С.","И.","ж",7,7,{"v":71.63205651928178,"d":"71.63"},100,"участник","Мамлютова Анжелика Владимировна","МБОУ \"Гимназия №93 имени А.С.Пушкина\""]
[50,"Вахитовский район","МБОУ \"Школа №1\"","Ковалева","А.","Ю.","ж",7,7,{"v":70.98145582234032,"d":"70.98"},100,"участник","Куманина Р.р","МБОУ \"Школа №1\""]
[87,"Приволжский район","МБОУ \"Школа №150\"","Галиханова","К.","Р.","ж",7,7,{"v":70.77532175321753,"d":"70.78"},100,"участник","Егорова Елена Викторовна","МБОУ \"Школа №150\""]
[88,"Московский район","МБОУ \"Гимназия №9\"","Шавалиева","К.","М.","ж",8,8,{"v":70.70195514287583,"d":"70.70"},100,"участник","Фатхутдинов Марат Русланович","МБОУ \"Гимназия №9\""]
[89,"Авиастроительный район","МБОУ \"Гимназия №33\"","Константинова","М.","А.","ж",6,7,{"v":70.09345367881953,"d":"70.09"},100,"участник","Крымов Н.е.","МБОУ \"Гимназия №33\""]
[90,"Московский район","МБОУ \"Гимназия № 122 имени Ж.А.Зайцевой\"","Рылова","Е.","А.","ж",8,8,{"v":69.62488765791483,"d":"69.62"},100,"участник","Приказчикова Татьяна Викторовна","МБОУ \"Гимназия № 122 имени Ж.А.Зайцевой\""]
[91,"Авиастроительный район","МБОУ \"Школа №62\"","Овчаркина","А.","А.","ж",7,7,{"v":69.17855416392001,"d":"69.18"},100,"участник","Каратаев Егор Сергеевич","МБОУ \"Школа №62\""]
[92,"Кировский район","МБОУ \"Лицей №182\"","Кабанова","А.","С.","ж",8,8,{"v":68.92622923641001,"d":"68.93"},100,"участник","Каргин Александр Сергеевич","МБОУ \"Лицей №182\""]
[93,"Вахитовский район","МБОУ \"Гимназия №27\"","Сибгатуллина","Я.","И.","ж",8,8,{"v":67.48726075127679,"d":"67.49"},100,"участник","Галиуллин Камиль Масхутович","МБОУ \"Гимназия №27\""]
[94,"Кировский район","МБОУ  \"Школа №32\"","Колесникова","Н.","В.","ж",7,7,{"v":67.45499789952308,"d":"67.45"},100,"участник","Антонов И.а.","МБОУ  \"Школа №32\""]
[95,"Советский район","МБОУ \"Многопрофильная школа №181\"","Закирова","А.","Н.","ж",7,7,{"v":67.29431347238264,"d":"67.29"},100,"участник","Бутовецкая","МБОУ \"Многопрофильная школа №181\""]
[96,"Московский район","МБОУ \"Гимназия №94 имени Л.Н.Мурысина\"","Дерябина","Э.","Д.","ж",6,7,{"v":67.23150797004033,"d":"67.23"},100,"участник","Павлов А.и.","МБОУ \"Гимназия №94 имени Л.Н.Мурысина\""]
[97,"Кировский район","МБОУ \"Школа №81\"","Амирова","Д.","А.","ж",8,8,{"v":66.80224839833652,"d":"66.80"},100,"участник","Тимофеев А.а","МБОУ \"Школа №81\""]
[98,"Авиастроительный район","МБОУ \"Школа №60\"","Храмова","А.","А.","ж",8,8,{"v":66.5343477287984,"d":"66.53"},100,"участник","Шарифуллин Рустем Ризванович","МБОУ \"Школа №60\""]
[99,"Вахитовский район","МАОУ СОШИ \"СОлНЦе\"","Глухова","А.","А.","ж",8,8,{"v":66.31493902439024,"d":"66.31"},100,"участник","Мустафина Гульнара Ленартовна","МАОУ СОШИ \"СОлНЦе\""]
[100,"Приволжский район","МБОУ \"Гимназия №16\"","Ахметзянова","С.","И.","ж",8,8,{"v":66.2439713519234,"d":"66.24"},100,"участник","Галимова Ильвира Ильгизовна","МБОУ \"Гимназия №16\""]
[101,"Московский район","МБОУ \"Гимназия №12 имени Ф.Г.Аитовой\"","Тимганова","М.","Р.","ж",7,7,{"v":65.82399290030513,"d":"65.82"},100,"участник","Фазылзянова Инзиля Раисовна","МБОУ \"Гимназия №12 имени Ф.Г.Аитовой\""]
[102,"Советский район","МБОУ \"Школа №15\"","Зарипова","А.","Р.","ж",5,7,{"v":65.66728773072747,"d":"65.67"},100,"участник","Каримов М.р","МБОУ \"Школа №15\""]
[103,"Советский район","МБОУ \"Школа №167\"","Литвина","А.","А.","ж",8,8,{"v":65.62444061962134,"d":"65.62"},100,"участник","Мухаметзянов Асгат Хатипович","МБОУ \"Школа №167\""]
[104,"Приволжский район","МБОУ \"Школа №10\"","Шакирова","И.","И.","ж",8,8,{"v":64.97942923804791,"d":"64.98"},100,"участник","Габдрахманов Р.р.","МБОУ \"Школа №10\""]
[105,"Приволжский район","МБОУ \"Гимназия №40\"","Хабриева","К.","Р.","ж",7,7,{"v":63.442157971248584,"d":"63.44"},100,"участник","Колчин Игорь Иванович","МБОУ \"Гимназия №40\""]
[106,"Приволжский район","МБОУ \"Лицей №83-Центр образования\"","Барабанова","С.","А.","ж",8,8,{"v":63.39315560597466,"d":"63.39"},100,"участник","Даминов Ильдар Абдулович","МБОУ \"Лицей №83-Центр образования\""]
[107,"Вахитовский район","МБОУ \"Школа №51\"","Шекунова","Д.","А.","ж",7,7,{"v":62.90366555872853,"d":"62.90"},100,"участник","Шарафутдинов Альберт Шамильевич","МБОУ \"Школа №51\""]
[108,"Советский район","МБОУ \"Лицей №159 имени С.Х.Загидуллиной\"","Сираева","А.","А.","ж",7,7,{"v":62.69892607815727,"d":"62.70"},100,"участник","Барлев Виктор Александрович","МБОУ \"Лицей №159 имени С.Х.Загидуллиной\""]
[109,"Московский район","МБОУ \"Школа №34\"","Михайлова","А.","Ю.","ж",8,8,{"v":62.190495169605335,"d":"62.19"},100,"участник","Идиятова Ксения Руслановна","МБОУ \"Школа №34\""]
[110,"Кировский район","МБОУ \"Лицей №188\"","Агеева","М.","С.","ж",7,7,{"v":61.09367507234394,"d":"61.09"},100,"участник","Гиниятуллина Я.в","МБОУ \"Лицей №188\""]
[111,"Ново-Савиновский район","МБОУ \"Гимназия №107\"","Францкевич","З.","С.","ж",7,7,{"v":60.843587253303035,"d":"60.84"},100,"участник","Танаев Н.а.","МБОУ \"Гимназия №107\""]
[112,"Ново-Савиновский район","МАОУ \"Лицей №146 \"Ресурс\"","Осипова","В.","Г.","ж",8,8,{"v":60.84315969085617,"d":"60.84"},100,"участник","Белянин Алексей Анатольевич","МАОУ \"Лицей №146 \"Ресурс\""]
[113,"Московский район","МБОУ \"Гимназия №12 имени Ф.Г.Аитовой\"","Залилова","С.","Р.","ж",8,8,{"v":60.668589341443536,"d":"60.67"},100,"участник","Шагимарданова Раиля Рамилевна","МБОУ \"Гимназия №12 имени Ф.Г.Аитовой\""]
[114,"Приволжский район","МБОУ \"Школа №129\"","Гатиатуллина","К.","Р.","ж",7,7,{"v":59.985852090032154,"d":"59.99"},100,"участник","Хабибуллин Равкат Якубович","МБОУ \"Школа №129\""]
[115,"Московский район","МБОУ \"Гимназия №12 имени Ф.Г.Аитовой\"","Хафизова","С.","Р.","ж",7,7,{"v":59.90927178041614,"d":"59.91"},100,"участник","Фазылзянова Инзиля Раисовна","МБОУ \"Гимназия №12 имени Ф.Г.Аитовой\""]
[116,"Кировский район","МБОУ \"Гимназия №50\"","Леонова","Р.","Р.","ж",7,7,{"v":59.520946230990965,"d":"59.52"},100,"участник","Мычилкина Зоя Дмитриевна","МБОУ \"Гимназия №50\""]
[117,"Советский район","МБОУ \"Школа №84\"","Владимирова","М.","В.","ж",8,8,{"v":58.76222922679343,"d":"58.76"},100,"участник","Гумеров Руслан Ринатович","МБОУ \"Школа №84\""]
[118,"Советский район","МБОУ \"Школа №144\"","Каляшова","А.","С.","ж",7,7,{"v":58.757406591485264,"d":"58.76"},100,"участник","Худобко Т.е.","МБОУ \"Школа №144\""]
[119,"Ново-Савиновский район","МБОУ \"Школа №49\"","Ахметова","А.","И.","ж",8,8,{"v":58.40067137296887,"d":"58.40"},100,"участник","Гиматдинов Азат Рустемович","МБОУ \"Школа №49\""]
[120,"Советский район","МБОУ \"Школа №22-Центр образования\"","Зигангирова","Я.","Ф.","ж",6,7,{"v":58.28491649323013,"d":"58.28"},100,"участник","Жиряева Рахиля Рашитовна","МБОУ \"Школа №22-Центр образования\""]
[121,"Авиастроительный район","МБОУ \"Лицей №145\"","Фомина","А.","В.","ж",8,8,{"v":57.90319396051103,"d":"57.90"},100,"участник","Семагин Александр Алексеевич","МБОУ \"Лицей №145\""]
[122,"Советский район","МАОУ \"Многопрофильный лицей №11\"","Калинина","Д.","А.","ж",7,7,{"v":57.417254113204635,"d":"57.42"},100,"участник","Раззакова Малика Сабуровна","МАОУ \"Многопрофильный лицей №11\""]
[123,"Вахитовский район","АНОО  \"Академия БС\"","Алексеева","И.","И.","ж",8,8,{"v":56.075273880151926,"d":"56.08"},100,"участник","Новиков А.с.","АНОО  \"Академия БС\""]
[124,"Советский район","МБОУ \"Школа №169\"","Перетурина","Д.","С.","ж",8,8,{"v":55.786092763468915,"d":"55.79"},100,"участник","Гаффаров Наиль Рафаилович","МБОУ \"Школа №169\""]
[125,"Ново-Савиновский район","МБОУ \"Школа №9\"","Фазлыева","А.","М.","ж",7,7,{"v":54.96392001757856,"d":"54.96"},100,"участник","Стариков Андрей Иванович","МБОУ \"Школа №9\""]
[126,"Вахитовский район","МБОУ \"Школа №98\"","Чекменева","А.","А.","ж",6,7,{"v":48.241589930016175,"d":"48.24"},100,"участник","Гиниятова Д.в.","МБОУ \"Школа №98\""]
[127,"Ново-Савиновский район","МБОУ \"Школа №143\"","Набиуллина","И.","Ф.","ж",6,7,{"v":43.1825660268437,"d":"43.18"},100,"участник","Хамидуллин И.р.","МБОУ \"Школа №143\""]
[128,"Приволжский район","МБОУ \"Школа №69\"","Батдалова","Д.","И.","ж",8,8,{"v":40.004983250740565,"d":"40.00"},100,"участник","Рычагов Д.с.","МБОУ \"Школа №69\""]
[129,"Ново-Савиновский район","МБОУ \"Лицей №170\"","Кузягина","Д.","В.","ж",5,7,{"v":21.107628953384506,"d":"21.11"},100,"участник","Сусленкова Юлия Владимировна","МБОУ \"Лицей №170\""]
[130,"Советский район","МБОУ \"Школа №156\"","Уразайкина","А.","В.","ж",7,7,{"v":10.731707317073171,"d":"10.73"},100,"участник","Саетов Т.а.","МБОУ \"Школа №156\""]
[51,"Советский район","МБОУ \"Школа №15\"","Самойлов","Д.","В.","м",8,8,{"v":94.1444277673546,"d":"94.14"},100,"победитель","Халиулинна А.и","МБОУ \"Школа №15\""]
[52,"Приволжский район","СУНЦ IT-лицей КФУ","Сулейманов","И.","А.","м",8,8,{"v":93.20975609756098,"d":"93.21"},100,"победитель","Яшина Тамара Николаевна","СУНЦ IT-лицей КФУ"]
[53,"Кировский район","МБОУ \"Многопрофильная гимназия №189 \"Заман\"","Пучков","А.","А.","м",8,8,{"v":93.11934697691804,"d":"93.12"},100,"победитель","Кыямов Асгат Талгатович","МБОУ \"Многопрофильная гимназия №189 \"Заман\""]
[54,"Советский район","МБОУ \"Многопрофильный лицей №187\"","Дульмухаметов","К.","М.","м",7,8,{"v":90.4913133533415,"d":"90.49"},100,"победитель","Шмыков Н.а.","МБОУ \"Многопрофильный лицей №187\""]
[55,"Приволжский район","МБОУ \"Школа №24\"","Кузнецов","С.","В.","м",8,8,{"v":79.640392308685,"d":"79.64"},100,"призер","Лукьянов Алексей Юрьевич","МБОУ \"Школа №24\""]
[56,"Авиастроительный район","МБОУ \"Школа №60\"","Валиуллов","А.","Э.","м",8,8,{"v":79.30245385128623,"d":"79.30"},100,"призер","Шарифуллин Рустем Ризванович","МБОУ \"Школа №60\""]
[57,"Советский район","МБОУ \"Лицей №149\"","Аглямзянов","А.","Н.","м",7,7,{"v":78.26368564395997,"d":"78.26"},100,"призер","Закиров Ранис Раисович","МБОУ \"Лицей №149\""]
[58,"Вахитовский район","МАОУ \"Лицей №131\"","Галявин","У.","Н.","м",8,8,{"v":76.96799198128967,"d":"76.97"},100,"призер","Сочнева Татьяна Николаевна","МАОУ \"Лицей №131\""]
[59,"Ново-Савиновский район","МБОУ \"Школа №113\"","Рамазанов","А.","Р.","м",6,7,{"v":76.03668666718616,"d":"76.04"},100,"призер","Рыжов А.в.","МБОУ \"Школа №113\""]
[60,"Приволжский район","МБОУ \"Гимназия №6\"","Ильин","Е.","С.","м",8,8,{"v":75.40639744102359,"d":"75.41"},100,"призер","Кокуркина Л.с.","МБОУ \"Гимназия №6\""]
[61,"Московский район","МБОУ \"Школа №34\"","Сафонов","Е.","В.","м",8,8,{"v":75.2817113232002,"d":"75.28"},100,"призер","Идиятова Ксения Руслановна","МБОУ \"Школа №34\""]
[62,"Советский район","МБОУ \"Гимназия №175\"","Вафин","Э.","Р.","м",7,7,{"v":74.56956728057077,"d":"74.57"},100,"призер","Кириллова О.в.","МБОУ \"Гимназия №175\""]
[63,"Кировский район","МБОУ \"Школа №81\"","Моколоедов","А.","М.","м",8,8,{"v":74.29530304479516,"d":"74.30"},100,"призер","Тимофеев А.а","МБОУ \"Школа №81\""]
[64,"Авиастроительный район","МБОУ \"Школа №119\"","Кежин","Д.","К.","м",7,7,{"v":74.23717664449372,"d":"74.24"},100,"призер","Павлова Альбина Николаевна","МБОУ \"Школа №119\""]
[65,"Московский район","МБОУ \"Гимназия №102 имени М.С.Устиновой\"","Хабибуллин","А.","И.","м",8,8,{"v":74.13138894201995,"d":"74.13"},100,"призер","Романова Ольга Анатольевна","МБОУ \"Гимназия №102 имени М.С.Устиновой\""]
[66,"Кировский район","МБОУ \"Многопрофильная гимназия №189 \"Заман\"","Чекменев","Р.","Д.","м",7,7,{"v":73.6713073313993,"d":"73.67"},100,"призер","Сорокин Александр Иванович","МБОУ \"Многопрофильная гимназия №189 \"Заман\""]
[67,"Приволжский район","МБОУ \"Гимназия №52\"","Бакунин","С.","И.","м",8,8,{"v":73.18513356562137,"d":"73.19"},100,"призер","Ажниязова Н.б.","МБОУ \"Гимназия №52\""]
[68,"Кировский район","МБОУ \"Лицей №182\"","Идиатуллин","Р.","Р.","м",7,7,{"v":73.00969881798379,"d":"73.01"},100,"призер","Глебова Анастасия Алексеевна","МБОУ \"Лицей №182\""]
[69,"Советский район","МБОУ \"Многопрофильный лицей №187\"","Сайфутдинов","Д.","Л.","м",5,8,{"v":72.97396505794845,"d":"72.97"},100,"призер","Шмыков Н.а.","МБОУ \"Многопрофильный лицей №187\""]
[70,"Советский район","МБОУ \"Лицей №159 имени С.Х.Загидуллиной\"","Гарифуллин","Т.","О.","м",8,8,{"v":71.70656811339265,"d":"71.71"},100,"призер","Барлев Виктор Александрович","МБОУ \"Лицей №159 имени С.Х.Загидуллиной\""]
[71,"Московский район","МБОУ \"Гимназия №75\"","Алексеев","М.","А.","м",8,8,{"v":70.92780663468685,"d":"70.93"},100,"призер","Чебуков Игорь Алексеевич","МБОУ \"Гимназия №75\""]
[72,"Авиастроительный район","МБОУ \"Школа №62\"","Пырков","Д.","Р.","м",8,8,{"v":70.85245213742459,"d":"70.85"},100,"призер","Талипов Рамиль Рашатович","МБОУ \"Школа №62\""]
[73,"Советский район","МБОУ \"Лицей №185\"","Халиуллин","Р.","Р.","м",7,7,{"v":70.42564597923207,"d":"70.43"},100,"призер","Гатауллин М.Э.","МБОУ \"Лицей №185\""]
[74,"Ново-Савиновский район","СУНЦ Инженерный лицей-интернат КНИТУ-КАИ","Нурмухаметов","А.","Ф.","М",7,8,{"v":70.41537240832098,"d":"70.42"},100,"призер","Кожевникова Дарья Владимировна","СУНЦ Инженерный лицей-интернат КНИТУ-КАИ"]
[75,"Авиастроительный район","МБОУ \"Школа №147\"","Галимулин","С.","Н.","м",8,8,{"v":69.5170835716886,"d":"69.52"},100,"призер","Яшина Екатерина Юрьевна","МБОУ \"Школа №147\""]
[76,"Вахитовский район","МАОУ \"Школа №18\"","Гизатуллин","А.","А.","м",7,7,{"v":69.39086663207058,"d":"69.39"},100,"призер","Мухаматдинов И.р","МАОУ \"Школа №18\""]
[77,"Московский район","МБОУ \"Гимназия №20 \"Гармония\"","Сайфутдинов","И.","Р.","м",8,8,{"v":69.25917408999061,"d":"69.26"},100,"призер","Баранов Максим Викторович","МБОУ \"Гимназия №20 \"Гармония\""]
[78,"Ново-Савиновский район","МБОУ \"Школа №113\"","Кудрявцев","М.","К.","м",8,8,{"v":68.43094418674248,"d":"68.43"},100,"призер","Рыжов А.в.","МБОУ \"Школа №113\""]
[79,"Ново-Савиновский район","МБОУ \"Школа №132\"","Габдрафиков","А.","А.","м",6,7,{"v":66.95693127254485,"d":"66.96"},100,"призер","Хубатуллина А.и.","МБОУ \"Школа №132\""]
[80,"Авиастроительный район","МБОУ \"Школа№77\"","Абдрахманов","Э.","И.","м",7,7,{"v":66.94892188052316,"d":"66.95"},100,"призер","Королев Андрей Анатольевич","МБОУ \"Школа№77\""]
[81,"Московский район","МБОУ \"Школа №64\"","Калимуллин","Д.","О.","м",7,7,{"v":65.40411783338612,"d":"65.40"},100,"призер","Драгунов К.а.","МБОУ \"Школа №64\""]
[82,"Советский район","МБОУ \"Многопрофильная полилингвальная гимназия №180\"","Виноградов","М.","Д.","м",8,8,{"v":65.38267817729724,"d":"65.38"},100,"призер","Закирова Р.ф.","МБОУ \"Многопрофильная полилингвальная гимназия №180\""]
[83,"Советский район","МБОУ \"Многопрофильная школа №181\"","Галимуллин","Р.","Н.","м",8,8,{"v":64.53593754658306,"d":"64.54"},100,"участник","Бутовецкая","МБОУ \"Многопрофильная школа №181\""]
[84,"Вахитовский район","ФГКОУ \"Казанское суворовское военное училище\"","Ахмадуллин","К.","И.","м",7,7,{"v":63.50742568413099,"d":"63.51"},100,"участник","Басыров Р.р.","ФГКОУ \"Казанское суворовское военное училище\""]
[85,"Советский район","МБОУ \"Гимназия №93 имени А.С.Пушкина\"","Минаков","И.","В.","м",7,7,{"v":62.63499355200448,"d":"62.63"},100,"участник","Мамлютова Анжелика Владимировна","МБОУ \"Гимназия №93 имени А.С.Пушкина\""]
[86,"Кировский район","МБОУ \"Школа №151\"","Турсунов","А.","З.","м",7,7,{"v":62.24361380007582,"d":"62.24"},100,"участник","Дасаева Ф.а.","МБОУ \"Школа №151\""]
[131,"Московский район","МБОУ \"Школа №99\"","Сундуков","И.","А.","м",7,7,{"v":59.798298595713234,"d":"59.80"},100,"участник","Горулёва С.а.","МБОУ \"Школа №99\""]
[132,"Советский район","МБОУ \"Школа №84\"","Пашин","М.","В.","м",8,8,{"v":59.46332217124151,"d":"59.46"},100,"участник","Гумеров Руслан Ринатович","МБОУ \"Школа №84\""]
[133,"Вахитовский район","ГБОУ \"ККШИ им. Героя Советского Союза Б.К. Кузнецова\"","Иванов","Д.","Н.","м",8,8,{"v":59.44563758389262,"d":"59.45"},100,"участник","Камалиев Т.ф.","ГБОУ \"ККШИ им. Героя Советского Союза Б.К. Кузнецова\""]
[134,"Вахитовский район","МАОУ \"Лицей №131\"","Асакасинский","О.","В.","м",8,8,{"v":58.583032873807,"d":"58.58"},100,"участник","Сочнева Татьяна Николаевна","МАОУ \"Лицей №131\""]
[135,"Кировский район","МБОУ \"Татарская гимназия №15\"","Гайнетдинов","А.","Р.","м",8,8,{"v":58.352372170224534,"d":"58.35"},100,"участник","Кочнева Анна Константиновна","МБОУ \"Татарская гимназия №15\""]
[136,"Кировский район","МБОУ  \"Школа №32\"","Галимзянов","Т.","М.","м",7,7,{"v":56.89044106221741,"d":"56.89"},100,"участник","Антонов И.а.","МБОУ  \"Школа №32\""]
[137,"Авиастроительный район","МАОУ \"Гимназия №37\"","Красноперич","А.","С.","м",7,7,{"v":53.88899283513383,"d":"53.89"},100,"участник","Курбанова Н.а.","МАОУ \"Гимназия №37\""]
[138,"Ново-Савиновский район","МБОУ \"Лицей №170\"","Щурбин","А.","Д.","м",6,7,{"v":52.24196092707196,"d":"52.24"},100,"участник","Сусленкова Юлия Владимировна","МБОУ \"Лицей №170\""]
[139,"Вахитовский район","МБОУ \"Школа №98\"","Бузяков","И.","Р.","м",5,7,{"v":51.97257634761222,"d":"51.97"},100,"участник","Гиниятова Д.в.","МБОУ \"Школа №98\""]
[140,"Приволжский район","МБОУ \"Гимназия №18\"","Фаттахов","К.","Ф.","м",8,8,{"v":51.12732372937764,"d":"51.13"},100,"участник","Гафарова Альфия Гумаровна","МБОУ \"Гимназия №18\""]
[141,"Приволжский район","СУНЦ IT-лицей КФУ","Вафин","З.","И.","м",7,7,{"v":50.22133495356306,"d":"50.22"},100,"участник","Чапурин Артем Игоревич","СУНЦ IT-лицей КФУ"]
[142,"Приволжский район","МБОУ \"Гимназия №16\"","Доброхотов","Я.","Р.","м",8,8,{"v":49.78122977346278,"d":"49.78"},100,"участник","Галимова Ильвира Ильгизовна","МБОУ \"Гимназия №16\""]
[143,"Советский район","МБОУ \"Школа №72\"","Краснов","Е.","А.","м",8,8,{"v":48.25317374485932,"d":"48.25"},100,"участник","Яковлева Марина Александровна","МБОУ \"Школа №72\""]
[144,"Авиастроительный район","МБОУ \"Школа №54\"","Малахов","А.","Д.","м",7,7,{"v":44.64452516865594,"d":"44.64"},100,"участник","Шинкарева Л.в.","МБОУ \"Школа №54\""]
[145,"Советский район","МБОУ \"Гимназия №183\"","Касаткин","А.","А.","м",8,8,{"v":44.173441734417345,"d":"44.17"},100,"участник","Морозова Анастасия Дмитриевна","МБОУ \"Гимназия №183\""]
[146,"Московский район","МБОУ \"Гимназия № 122 имени Ж.А.Зайцевой\"","Елсуков","Т.","Д.","м",8,8,{"v":43.557046979865774,"d":"43.56"},100,"участник","Приказчикова Татьяна Викторовна","МБОУ \"Гимназия № 122 имени Ж.А.Зайцевой\""]
[147,"Ново-Савиновский район","МБОУ \"Лицей №177\"","Дуйгун","А.","Г.","м",7,7,{"v":41.962216723616514,"d":"41.96"},100,"участник","Ярохно Анатолий Дмитриевич","МБОУ \"Лицей №177\""]
[148,"Ново-Савиновский район","МБОУ \"Школа №113\"","Урусов","К.","А.","м",8,8,{"v":41.78760793819118,"d":"41.79"},100,"участник","Рыжов А.в.","МБОУ \"Школа №113\""]
[149,"Московский район","МБОУ \"Гимназия №102 имени М.С.Устиновой\"","Сабиров","А.","И.","м",7,7,{"v":40.77281446971773,"d":"40.77"},100,"участник","Чуприн Дмитрий Леонидович","МБОУ \"Гимназия №102 имени М.С.Устиновой\""]
[150,"Приволжский район","МБОУ \"Лицей №83-Центр образования\"","Гайнутдинов","Т.","М.","м",8,8,{"v":40.68556361239288,"d":"40.69"},100,"участник","Тамазашвили","МБОУ \"Лицей №83-Центр образования\""]
[151,"Ново-Савиновский район","МБОУ \"Школа №113\"","Мухаметкулов","Р.","Р.","м",8,8,{"v":39.4261119081779,"d":"39.43"},100,"участник","Рыжов А.в.","МБОУ \"Школа №113\""]
[152,"Советский район","МБОУ \"Гимназия №174\"","Киснеев","Р.","Р.","м",8,8,{"v":38.77416908884115,"d":"38.77"},100,"участник","Алексеев Р.в.","МБОУ \"Гимназия №174\""]
[153,"Ново-Савиновский район","МБОУ \"Гимназия №179-центр образования\"","Ахметов","С.","И.","м",6,7,{"v":38.489378442171514,"d":"38.49"},100,"участник","Хусаинов Д.д.","МБОУ \"Гимназия №179-центр образования\""]
[154,"Ново-Савиновский район","СУНЦ Инженерный лицей-интернат КНИТУ-КАИ","Анкудинов","Д.","Д.","м",8,8,{"v":38.129229983399306,"d":"38.13"},100,"участник","Павлова Э.р.","СУНЦ Инженерный лицей-интернат КНИТУ-КАИ"]
[155,"Ново-Савиновский район","МБОУ \"Школа №113\"","Хайдаров","С.","С.","м",6,7,{"v":37.75832117295532,"d":"37.76"},100,"участник","Рыжов А.в.","МБОУ \"Школа №113\""]
[156,"Советский район","МБОУ \"Гимназия №8 - Центр образования\"","Парфенов","И.","П.","м",7,7,{"v":37.289972899728994,"d":"37.29"},100,"участник","Воробьева Софья Павловна","МБОУ \"Гимназия №8 - Центр образования\""]
[157,"Кировский район","МБОУ \"Лицей №188\"","Андронов","О.","П.","м",7,7,{"v":37.02251149058946,"d":"37.02"},100,"участник","Гиниятуллина Я.в","МБОУ \"Лицей №188\""]
[158,"Авиастроительный район","МБОУ \"Гимназия №33\"","Бикчантаев","К.","А.","м",8,8,{"v":36.496458524731054,"d":"36.50"},100,"участник","Крымов Н.е.","МБОУ \"Гимназия №33\""]
[159,"Ново-Савиновский район","ГАОУ \"Адымнар - Казань\" (ул. А.Бичурина)","Нгуен","М.","Ч. Х.","м",8,8,{"v":36.417181339195366,"d":"36.42"},100,"участник","Чагаев Ирек Ильдарович","ГАОУ \"Адымнар - Казань\" (ул. А.Бичурина)"]
[160,"Приволжский район","МБОУ \"Гимназия №40\"","Хакимов","А.","Р.","м",7,7,{"v":35.58408215661104,"d":"35.58"},100,"участник","Баширова Анастасия Романовна","МБОУ \"Гимназия №40\""]
[161,"Советский район","МБОУ \"Школа №171\"","Габидуллин","М.","И.","м",8,8,{"v":35.51999746265343,"d":"35.52"},100,"участник","Абузяров А.а.","МБОУ \"Школа №171\""]
[162,"Советский район","МБОУ \"Лицей №185\"","Миникаев","А.","Р.","м",8,8,{"v":35.07934340261656,"d":"35.08"},100,"участник","Бикмуллин Динар Мунирович","МБОУ \"Лицей №185\""]
[163,"Вахитовский район","АНОО  \"Академия БС\"","Чоудри","А.","А.","м",8,8,{"v":34.28119896749723,"d":"34.28"},100,"участник","Новиков А.с.","АНОО  \"Академия БС\""]
[164,"Ново-Савиновский район","СУНЦ Инженерный лицей-интернат КНИТУ-КАИ","Брызгалов","Д.","В.","м",7,7,{"v":33.17747999614383,"d":"33.18"},100,"участник","Кожевникова Д.В.","СУНЦ Инженерный лицей-интернат КНИТУ-КАИ"]
[165,"Вахитовский район","МАОУ СОШИ \"СОлНЦе\"","Шкуро","И.","С.","м",7,7,{"v":32.164084034002734,"d":"32.16"},100,"участник","Мифтахов Ильдус Юнусович","МАОУ СОШИ \"СОлНЦе\""]
[166,"Приволжский район","МБОУ \"Школа №136\"","Балякин","Д.","Р.","м",7,7,{"v":28.662891986062718,"d":"28.66"},100,"участник","Корнетов В.в.","МБОУ \"Школа №136\""]
[167,"Советский район","МБОУ \"Гимназия №126\"","Фостенко","Е.","М.","м",7,7,{"v":27.584204413472705,"d":"27.58"},100,"участник","Гараев Булат Азатович","МБОУ \"Гимназия №126\""]
[168,"Московский район","МБОУ \"Школа №87\"","Хакимов","В.","И.","м",8,8,{"v":27.56722417779259,"d":"27.57"},100,"участник","Склярова А.н.","МБОУ \"Школа №87\""]
[169,"Московский район","МБОУ \"Гимназия №9\"","Семин","М.","А.","м",8,8,{"v":25.31645569620253,"d":"25.32"},100,"участник","Фатхутдинов Марат Русланович","МБОУ \"Гимназия №9\""]
[170,"Кировский район","МБОУ \"Школа №135\"","Гусейнов","Н.","З.","м",7,7,{"v":22.534329171042906,"d":"22.53"},100,"участник","Максименко К.с.","МБОУ \"Школа №135\""]
[171,"Ново-Савиновский район","МАОУ \"Лицей №146 \"Ресурс\"","Юнусов","Т.","Р.","м",8,8,{"v":14.634146341463415,"d":"14.63"},100,"участник","Белянин Алексей Анатольевич","МАОУ \"Лицей №146 \"Ресурс\""]
[172,"Кировский район","МБОУ \"Школа №70\"","Галимов","П.","Д.","м",7,7,{"v":11.707317073170731,"d":"11.71"},100,"участник","Семёнова Арина Владимировна","МБОУ \"Школа №70\""]
[173,"Вахитовский район","ГБОУ \"ККШИ им. Героя Советского Союза Б.К. Кузнецова\"","Иванов","Т.","Н.","м",7,7,{"v":11.21951219512195,"d":"11.22"},100,"участник","Камалиев Т.ф.","ГБОУ \"ККШИ им. Героя Советского Союза Б.К. Кузнецова\""]
[174,"Ново-Савиновский район","МБОУ \"Школа №31\"","Вафин","Д.","Р.","м",7,7,{"v":9.268292682926829,"d":"9.27"},100,"участник","Учитель2","МБОУ \"Школа №31\""]
[175,"Советский район","МБОУ \"Школа №144\"","Судыко","А.","Д.","м",8,8,{"v":8.78048780487805,"d":"8.78"},100,"участник","Худобко Т.е.","МБОУ \"Школа №144\""]
[176,"Советский район","МБОУ \"Многопрофильный лицей №187\"","Шайхетдинова","З.","Л.","ж",9,9,{"v":95.20702847280168,"d":"95.21"},100,"Победитель","Шмыкова М.р.","МБОУ \"Многопрофильный лицей №187\""]
[177,"Приволжский район","МБОУ \"Лицей №186-\"Перспектива\"","Усова","В.","В.","ж",10,10,{"v":91.02860443137666,"d":"91.03"},100,"Победитель","Ибрагимов Ф.м","МБОУ \"Лицей №186-\"Перспектива\""]
[178,"Московский район","МБОУ \"Гимназия №20 \"Гармония\"","Вакилова","Р.","И.","ж",10,10,{"v":88.45571565992641,"d":"88.46"},100,"Победитель","Баранов Максим Викторович","МБОУ \"Гимназия №20 \"Гармония\""]
[179,"Советский район","МБОУ \"Многопрофильный лицей №187\"","Мартынова","В.","П.","ж",8,9,{"v":87.20812316551067,"d":"87.21"},100,"Победитель","Шмыков Н.а.","МБОУ \"Многопрофильный лицей №187\""]
[180,"Ново-Савиновский район","МБОУ \"Гимназия №7\"","Раимова","С.","Т.","ж",9,9,{"v":86.63509047712617,"d":"86.64"},100,"Победитель","Игошин Вячеслав Юрьевич","МБОУ \"Гимназия №7\""]
[181,"Советский район","МБОУ \"Лицей №185\"","Салахова","А.","Р.","ж",11,11,{"v":85.65753788008152,"d":"85.66"},100,"Победитель","Бикмуллин Динар Мунирович","МБОУ \"Лицей №185\""]
[182,"Приволжский район","СУНЦ IT-лицей КФУ","Садритдинова","Л.","И.","ж",11,11,{"v":84.68314606741573,"d":"84.68"},100,"Призер","Яшина Тамара Николаевна","СУНЦ IT-лицей КФУ"]
[183,"Вахитовский район","МБОУ \"Лицей №5\"","Толометова","С.","А.","ж",10,10,{"v":84.6073427324125,"d":"84.61"},100,"Призер","Самойлов Р.в.","МБОУ \"Лицей №5\""]
[184,"Советский район","МБОУ \"Гимназия №175\"","Валиуллина","Д.","А.","ж",10,10,{"v":84.24255849603288,"d":"84.24"},100,"Призер","Сабиров Р.г.","МБОУ \"Гимназия №175\""]
[185,"Советский район","МБОУ \"Школа №15\"","Цаллагова","А.","О.","ж",7,9,{"v":83.03595118838113,"d":"83.04"},100,"Призер","Каримов М.р","МБОУ \"Школа №15\""]
[186,"Ново-Савиновский район","МБОУ \"Гимназия №7\"","Сухарникова","В.","М.","ж",10,10,{"v":82.71426457668656,"d":"82.71"},100,"Призер","Игошин Вячеслав Юрьевич","МБОУ \"Гимназия №7\""]
[187,"Ново-Савиновский район","МБОУ \"Гимназия №179-центр образования\"","Шарафутдинова","С.","С.","ж",11,11,{"v":82.71284109149278,"d":"82.71"},100,"Призер","Хусаинов Д.д.","МБОУ \"Гимназия №179-центр образования\""]
[188,"Советский район","МБОУ \"Гимназия №183\"","Габдрахманова","И.","Л.","ж",11,11,{"v":82.5553620201822,"d":"82.56"},100,"Призер","Морозова Анастасия Дмитриевна","МБОУ \"Гимназия №183\""]
[189,"Авиастроительный район","МБОУ \"Школа№77\"","Першакова","Д.","А.","ж",11,11,{"v":81.3750438099165,"d":"81.38"},100,"Призер","Королев Андрей Анатольевич","МБОУ \"Школа№77\""]
[190,"Советский район","МБОУ \"Школа №15\"","Аюпова","А.","А.","ж",9,9,{"v":80.48408621875717,"d":"80.48"},100,"Призер","Каримов М.р","МБОУ \"Школа №15\""]
[191,"Авиастроительный район","МБОУ \"Школа№77\"","Исхакова","К.","Р.","ж",11,11,{"v":80.3840062063292,"d":"80.38"},100,"Призер","Королев Андрей Анатольевич","МБОУ \"Школа№77\""]
[192,"Приволжский район","МБОУ \"Лицей №83-Центр образования\"","Константинова","К.","В.","ж",10,10,{"v":80.0350575045747,"d":"80.04"},100,"Призер","Тамазашвили","МБОУ \"Лицей №83-Центр образования\""]
[193,"Кировский район","МАОУ \"Гимназия-интернат №4\"","Муртазина","Ч.","Р.","ж",11,11,{"v":79.48378499417801,"d":"79.48"},100,"Призер","Вафина Р.Р.","МАОУ \"Гимназия-интернат №4\""]
[194,"Московский район","МБОУ \"Гимназия №75\"","Щеглова","Д.","Н.","ж",10,10,{"v":78.38791545533118,"d":"78.39"},100,"Призер","Толометова Эльвира Флитовна","МБОУ \"Гимназия №75\""]
[195,"Авиастроительный район","МБОУ \"Школа№77\"","Матвеева","В.","В.","ж",9,9,{"v":78.36098876404495,"d":"78.36"},100,"Призер","Королев Андрей Анатольевич","МБОУ \"Школа№77\""]
[196,"Советский район","МАОУ \"Лицей №121\"","Исламова","Д.","Р.","ж",10,10,{"v":77.98177923077782,"d":"77.98"},100,"Призер","Петрова Наталья Геннадьевна","МАОУ \"Лицей №121\""]
[197,"Московский район","МБОУ \"Гимназия №20 \"Гармония\"","Филипова","П.","А.","ж",9,9,{"v":77.86019892053362,"d":"77.86"},100,"Призер","Баранов Максим Викторович","МБОУ \"Гимназия №20 \"Гармония\""]
[198,"Ново-Савиновский район","МАОУ \"Лицей №146 \"Ресурс\"","Воробьева","М.","С.","ж",11,11,{"v":77.1546836548086,"d":"77.15"},100,"Призер","Федорченко Роман Вячеславович","МАОУ \"Лицей №146 \"Ресурс\""]
[199,"Ново-Савиновский район","МБОУ \"Гимназия №179-центр образования\"","Ашрапова","К.","Р.","ж",11,11,{"v":77.13396715643907,"d":"77.13"},100,"Призер","Хусаинов Д.д.","МБОУ \"Гимназия №179-центр образования\""]
[200,"Московский район","МБОУ \"Гимназия №20 \"Гармония\"","Агьмалова","А.","И.","ж",11,11,{"v":77.08635441451037,"d":"77.09"},100,"Призер","Баранов Максим Викторович","МБОУ \"Гимназия №20 \"Гармония\""]
[201,"Приволжский район","МБОУ \"Гимназия №6\"","Морозкина","Н.","В.","ж",10,10,{"v":76.80769956577414,"d":"76.81"},100,"Призер","Кокуркина Л.с.","МБОУ \"Гимназия №6\""]
[202,"Авиастроительный район","МБОУ \"Школа №54\"","Полюшкина","А.","Н.","ж",10,10,{"v":76.1786792794502,"d":"76.18"},100,"Призер","Сафин И.г.","МБОУ \"Школа №54\""]
[203,"Приволжский район","МБОУ \"Школа №68\"","Шакирова","Я.","И.","ж",9,9,{"v":75.90331005162466,"d":"75.90"},100,"Призер","Хуртов Сергей Геннадьевич","МБОУ \"Школа №68\""]
[204,"Авиастроительный район","МБОУ \"Школа №119\"","Хайруллина","А.","И.","ж",9,9,{"v":75.7549954448831,"d":"75.75"},100,"Призер","Павлова Альбина Николаевна","МБОУ \"Школа №119\""]
[205,"Советский район","МБОУ \"Гимназия №184\"","Хайдарова","Р.","Р.","ж",11,11,{"v":75.46697653991143,"d":"75.47"},100,"Призер","Кашапов Н.а","МБОУ \"Гимназия №184\""]
[206,"Советский район","МБОУ \"Многопрофильная школа №181\"","Ситсали","А.","В.","ж",9,9,{"v":75.40956029211435,"d":"75.41"},100,"Призер","Бутовецкая","МБОУ \"Многопрофильная школа №181\""]
[207,"Советский район","МБОУ \"Гимназия №175\"","Нуруллина","Д.","Р.","ж",10,10,{"v":75.33695869486985,"d":"75.34"},100,"Призер","Сабиров Р.г.","МБОУ \"Гимназия №175\""]
[208,"Ново-Савиновский район","МБОУ \"Гимназия №107\"","Гамирова","А.","М.","ж",11,11,{"v":75.03821853118384,"d":"75.04"},100,"Призер","Насырова А.м","МБОУ \"Гимназия №107\""]
[209,"Авиастроительный район","МБОУ \"Гимназия №33\"","Маланьева","Ю.","В.","ж",10,10,{"v":74.78964439931714,"d":"74.79"},100,"Призер","Аввакумова Е.в.","МБОУ \"Гимназия №33\""]
[210,"Советский район","МБОУ \"Лицей №149\"","Шафигуллина","А.","А.","ж",10,10,{"v":74.33220434888045,"d":"74.33"},100,"Призер","Бурханова Гульчачак Гаптерауфовна","МБОУ \"Лицей №149\""]
[211,"Ново-Савиновский район","МБОУ \"Школа №132\"","Гиниятова","К.","Р.","ж",10,10,{"v":74.0634133368792,"d":"74.06"},100,"Призер","Хубатуллина А.и.","МБОУ \"Школа №132\""]
[212,"Кировский район","МБОУ \"Многопрофильная гимназия №189 \"Заман\"","Нурутдинова","З.","Р.","ж",10,10,{"v":73.846566895634,"d":"73.85"},100,"Призер","Сорокин Александр Иванович","МБОУ \"Многопрофильная гимназия №189 \"Заман\""]
[213,"Советский район","МБОУ \"Лицей №185\"","Шигапова","Л.","А.","ж",6,9,{"v":73.79122525414661,"d":"73.79"},100,"Призер","Гатауллин Максим Эдуардович","МБОУ \"Лицей №185\""]
[214,"Московский район","МБОУ \"Школа №55\"","Ишалина","Л.","М.","ж",9,9,{"v":73.43405742821473,"d":"73.43"},100,"Призер","Евдокимов Андрей Викторович","МБОУ \"Школа №55\""]
[215,"Ново-Савиновский район","МБОУ \"Школа №143\"","Раскопина","Е.","О.","ж",9,9,{"v":72.9800491767562,"d":"72.98"},100,"Призер","Хамидуллин И.р.","МБОУ \"Школа №143\""]
[216,"Ново-Савиновский район","МБОУ \"Школа №9\"","Гарифуллина","А.","Э.","ж",9,9,{"v":72.92622952454064,"d":"72.93"},100,"Призер","Зарипов Зуфар Зиннурович","МБОУ \"Школа №9\""]
[217,"Советский район","МБОУ \"Гимназия №183\"","Хайрутдинова","Д.","И.","ж",7,9,{"v":72.82758684248927,"d":"72.83"},100,"Призер","Морозова Анастасия Дмитриевна","МБОУ \"Гимназия №183\""]
[218,"Московский район","МБОУ \"Школа №99\"","Синичкина","Д.","Д.","ж",10,10,{"v":72.70125330855932,"d":"72.70"},100,"Призер","Горулёва С.а.","МБОУ \"Школа №99\""]
[219,"Советский район","МБОУ \"Школа №72\"","Моисеева","Е.","А.","ж",11,11,{"v":72.49312735398391,"d":"72.49"},100,"Призер","Яковлева Марина Александровна","МБОУ \"Школа №72\""]
[220,"Приволжский район","МАОУ \"Гимназия №139-Центр образования\"","Сафина","А.","Л.","ж",9,9,{"v":71.8558461586882,"d":"71.86"},100,"Призер","Галкин Виктор Юрьевич","МАОУ \"Гимназия №139-Центр образования\""]
[221,"Советский район","МБОУ \"Лицей №159 имени С.Х.Загидуллиной\"","Валиахметова","А.","И.","ж",10,10,{"v":71.67487988499225,"d":"71.67"},100,"участник","Барлев Виктор Александрович","МБОУ \"Лицей №159 имени С.Х.Загидуллиной\""]
[222,"Вахитовский район","МБОУ \"Школа №80 имени Каюма Насыри\"","Демьянова","М.","Д.","ж",9,9,{"v":71.6592354794602,"d":"71.66"},100,"участник","Фаткуллин Ф.т.","МБОУ \"Школа №80 имени Каюма Насыри\""]
[223,"Кировский район","МБОУ \"Школа №137\"","Хабибуллина","А.","Н.","ж",9,9,{"v":71.61218651223957,"d":"71.61"},100,"участник","Хайруллина Л.р.","МБОУ \"Школа №137\""]
[224,"Ново-Савиновский район","МБОУ \"Школа №113\"","Ахметова","Р.","И.","ж",9,9,{"v":71.33849579916996,"d":"71.34"},100,"участник","Рыжов А.в.","МБОУ \"Школа №113\""]
[225,"Приволжский район","МБОУ \"Гимназия №21\"","Филиппова","Ф.","А.","ж",9,9,{"v":70.20519998466082,"d":"70.21"},100,"участник","Багавиева Екатерина Дмитриевна","МБОУ \"Гимназия №21\""]
[226,"Приволжский район","МБОУ \"Лицей №78 \"Фарватер\"","Ахмедшина","А.","Р.","ж",9,9,{"v":70.16474174723456,"d":"70.16"},100,"участник","Набиев Л.р.","МБОУ \"Лицей №78 \"Фарватер\""]
[227,"Советский район","МАОУ \"Многопрофильный лицей №11\"","Коршунова","С.","А.","ж",9,9,{"v":70.10628178191894,"d":"70.11"},100,"участник","Карамутдинов Руслан Расимович","МАОУ \"Многопрофильный лицей №11\""]
[228,"Ново-Савиновский район","МБОУ \"Школа №113\"","Валиуллин","А.","Р.","м",11,11,{"v":90.48426966292135,"d":"90.48"},100,"Победитель","Рыжов А.в.","МБОУ \"Школа №113\""]
[229,"Ново-Савиновский район","МБОУ \"Школа №113\"","Колчин","Д.","С.","м",11,11,{"v":89.82655611385377,"d":"89.83"},100,"Победитель","Рыжов А.в.","МБОУ \"Школа №113\""]
[230,"Советский район","МБОУ \"Многопрофильный лицей №187\"","Гасимов","Д.","С.","м",9,9,{"v":87.01072153783673,"d":"87.01"},100,"Победитель","Попова А.в.","МБОУ \"Многопрофильный лицей №187\""]
[231,"Ново-Савиновский район","МБОУ \"Гимназия №7\"","Габдуллин","Р.","А.","м",9,9,{"v":86.42302595128871,"d":"86.42"},100,"Победитель","Игошин Вячеслав Юрьевич","МБОУ \"Гимназия №7\""]
[232,"Ново-Савиновский район","МБОУ \"Школа №113\"","Саидов","Р.","Т.","м",11,11,{"v":84.72479359364331,"d":"84.72"},100,"Победитель","Рыжов А.в.","МБОУ \"Школа №113\""]
[233,"Советский район","МБОУ \"Лицей №149\"","Булатов","И.","Р.","м",10,10,{"v":83.77252899116746,"d":"83.77"},100,"Победитель","Закиров Ранис Раисович","МБОУ \"Лицей №149\""]
[234,"Советский район","МБОУ \"Лицей №149\"","Саяров","К.","Р.","м",10,10,{"v":82.9679479597871,"d":"82.97"},100,"Призер","Закиров Ранис Раисович","МБОУ \"Лицей №149\""]
[235,"Советский район","МБОУ \"Школа №15\"","Карпов","Б.","Ю.","м",9,9,{"v":82.48260789187191,"d":"82.48"},100,"Призер","Халиулинна А.и","МБОУ \"Школа №15\""]
[236,"Советский район","МБОУ \"Гимназия №183\"","Шарифуллин","А.","Р.","м",9,9,{"v":82.31758200672976,"d":"82.32"},100,"Призер","Абдуллин Фанис Фердинандович","МБОУ \"Гимназия №183\""]
[237,"Советский район","МБОУ \"Лицей №149\"","Ханнанов","И.","М.","м",9,9,{"v":81.76400017905904,"d":"81.76"},100,"Призер","Закиров Ранис Раисович","МБОУ \"Лицей №149\""]
[238,"Советский район","МБОУ \"Лицей №149\"","Шайхетдинов","Б.","Р.","м",9,9,{"v":81.4667874833877,"d":"81.47"},100,"Призер","Закиров Ранис Раисович","МБОУ \"Лицей №149\""]
[239,"Ново-Савиновский район","МБОУ \"Школа №113\"","Захаров","А.","Д.","м",10,10,{"v":79.75933637998374,"d":"79.76"},100,"Призер","Рыжов А.в.","МБОУ \"Школа №113\""]
[240,"Ново-Савиновский район","МБОУ \"Школа №132\"","Галимов","А.","А.","м",10,10,{"v":78.89774329850685,"d":"78.90"},100,"Призер","Хубатуллина А.и.","МБОУ \"Школа №132\""]
[241,"Советский район","МБОУ \"Школа №72\"","Яковлев","Н.","А.","м",11,11,{"v":78.38243356753927,"d":"78.38"},100,"Призер","Яковлева Марина Александровна","МБОУ \"Школа №72\""]
[242,"Советский район","МБОУ \"Школа №15\"","Нестеров","М.","В.","м",9,9,{"v":78.34281533832095,"d":"78.34"},100,"Призер","Халиулинна А.и","МБОУ \"Школа №15\""]
[243,"Приволжский район","МБОУ \"Школа №136\"","Гизатулин","Т.","Р.","м",10,10,{"v":77.45538066092357,"d":"77.46"},100,"Призер","Корнетов В.в.","МБОУ \"Школа №136\""]
[244,"Приволжский район","МБОУ \"Гимназия №18\"","Шафиков","А.","И.","м",11,11,{"v":76.62130600347892,"d":"76.62"},100,"Призер","Закиров Ранис Раисович","МБОУ \"Гимназия №18\""]
[245,"Московский район","МБОУ \"Гимназия №75\"","Ханов","Г.","Е.","м",11,11,{"v":75.71742031436226,"d":"75.72"},100,"Призер","Чебуков Игорь Алексеевич","МБОУ \"Гимназия №75\""]
[246,"Кировский район","МБОУ \"Многопрофильная гимназия №189 \"Заман\"","Хафизов","Л.","Р.","м",9,9,{"v":75.66090049308868,"d":"75.66"},100,"Призер","Сорокин Александр Иванович","МБОУ \"Многопрофильная гимназия №189 \"Заман\""]
[247,"Ново-Савиновский район","МАОУ \"Лицей №146 \"Ресурс\"","Иващенко","Д.","А.","м",10,10,{"v":75.54502363848468,"d":"75.55"},100,"Призер","Белянин Алексей Анатольевич","МАОУ \"Лицей №146 \"Ресурс\""]
[248,"Советский район","МБОУ \"Гимназия №175\"","Сабиров","М.","Р.","м",10,10,{"v":75.11457637412693,"d":"75.11"},100,"Призер","Лекомцев Д.ф.","МБОУ \"Гимназия №175\""]
[249,"Приволжский район","МБОУ \"Лицей №35\"","Муллахметов","А.","Р.","м",10,10,{"v":74.9648764263755,"d":"74.96"},100,"Призер","Софьин Никита Игоревич","МБОУ \"Лицей №35\""]
[250,"Вахитовский район","ФГКОУ \"Казанское суворовское военное училище\"","Ахмадуллин","Р.","И.","м",10,10,{"v":74.91903336909266,"d":"74.92"},100,"Призер","Мусиенко Д.п,","ФГКОУ \"Казанское суворовское военное училище\""]
[251,"Вахитовский район","ГБОУ \"ККШИ им. Героя Советского Союза Б.К. Кузнецова\"","Арифуллин","Г.","Р.","м",10,10,{"v":74.87878591513442,"d":"74.88"},100,"Призер","Шамаев Д.г.","ГБОУ \"ККШИ им. Героя Советского Союза Б.К. Кузнецова\""]
[252,"Кировский район","МБОУ \"Татарская гимназия №15\"","Назипов","И.","Х.","м",11,11,{"v":74.80809702158017,"d":"74.81"},100,"Призер","Кочнева Анна Константиновна","МБОУ \"Татарская гимназия №15\""]
[253,"Кировский район","МБОУ \"Лицей №182\"","Гарин","Д.","И.","м",9,9,{"v":74.78824414033127,"d":"74.79"},100,"Призер","Глебова Анастасия Алексеевна","МБОУ \"Лицей №182\""]
[254,"Приволжский район","МБОУ \"Школа №24\"","Зарипов","И.","Д.","м",10,10,{"v":74.73719580382343,"d":"74.74"},100,"Призер","Лукьянов Алексей Юрьевич","МБОУ \"Школа №24\""]
[255,"Приволжский район","МБОУ \"Гимназия №6\"","Нурмиев","А.","А.","м",11,11,{"v":74.71832436810733,"d":"74.72"},100,"Призер","Мухамадшева В.в.","МБОУ \"Гимназия №6\""]
[256,"Кировский район","МБОУ \"Многопрофильная гимназия №189 \"Заман\"","Аскаров","И.","И.","м",11,11,{"v":74.30135212340505,"d":"74.30"},100,"Призер","Сорокин Александр Иванович","МБОУ \"Многопрофильная гимназия №189 \"Заман\""]
[257,"Авиастроительный район","МБОУ \"Школа №60\"","Купцов","Д.","Д.","м",11,11,{"v":74.16978398929504,"d":"74.17"},100,"Призер","Семагина Светлана Владимировна","МБОУ \"Школа №60\""]
[258,"Московский район","МБОУ \"Татарская гимназия №2 при КФУ\"","Мухамадиев","К.","И.","м",10,10,{"v":73.60848829792454,"d":"73.61"},100,"Призер","Хабибуллин Б.г.","МБОУ \"Татарская гимназия №2 при КФУ\""]
[259,"Вахитовский район","ГБОУ \"ККШИ им. Героя Советского Союза Б.К. Кузнецова\"","Хамидуллин","Н.","Н.","м",10,10,{"v":73.20169180159782,"d":"73.20"},100,"Призер","Шамаев Д.г.","ГБОУ \"ККШИ им. Героя Советского Союза Б.К. Кузнецова\""]
[260,"Кировский район","МБОУ \"Школа №81\"","Хусаинов","А.","Р.","м",10,10,{"v":73.10711610486891,"d":"73.11"},100,"Призер","Тимофеев А.а","МБОУ \"Школа №81\""]
[261,"Московский район","МБОУ \"Гимназия №94 имени Л.Н.Мурысина\"","Ионов","А.","В.","м",11,11,{"v":72.13276404494383,"d":"72.13"},100,"Призер","Павлов А.в.","МБОУ \"Гимназия №94 имени Л.Н.Мурысина\""]
[262,"Вахитовский район","ГБОУ \"ККШИ им. Героя Советского Союза Б.К. Кузнецова\"","Деникаев","Д.","Р.","м",11,11,{"v":71.86298744216788,"d":"71.86"},100,"Призер","Шамаев Д.г.","ГБОУ \"ККШИ им. Героя Советского Союза Б.К. Кузнецова\""]
[263,"Советский район","МАОУ \"Гимназия №141\"","Исхаков","С.","Р.","м",10,10,{"v":71.71982919580613,"d":"71.72"},100,"Призер","Гонголев Вячеслав Геннадьевич","МАОУ \"Гимназия №141\""]
[264,"Московский район","МБОУ \"Гимназия №20 \"Гармония\"","Лоскутов","А.","Е.","м",10,10,{"v":70.76353292561512,"d":"70.76"},100,"Призер","Баранов Максим Викторович","МБОУ \"Гимназия №20 \"Гармония\""]
[265,"Авиастроительный район","МБОУ \"Школа №147\"","Фролов","Р.","Д.","м",9,9,{"v":70.7450936329588,"d":"70.75"},100,"Призер","Яшина Екатерина Юрьевна","МБОУ \"Школа №147\""]
[266,"Советский район","МБОУ \"Школа №86\"","Сайфуллин","Д.","А.","м",9,9,{"v":70.64781857414269,"d":"70.65"},100,"Призер","Каюмов Рамиль Даярович","МБОУ \"Школа №86\""]
[267,"Московский район","МБОУ \"Школа №64\"","Зайцев","Д.","В.","м",9,9,{"v":70.24837589376915,"d":"70.25"},100,"Призер","Драгунов К.а.","МБОУ \"Школа №64\""]
[268,"Московский район","МБОУ \"Школа №34\"","Фархатов","А.","А.","м",10,10,{"v":70.24471265517509,"d":"70.24"},100,"Призер","Багаутдинов Ильдар Зияфович","МБОУ \"Школа №34\""]
[269,"Авиастроительный район","МБОУ \"Школа №54\"","Хузин","И.","А.","м",9,9,{"v":69.81481604898418,"d":"69.81"},100,"Призер","Шинкарева Л.в.","МБОУ \"Школа №54\""]
[270,"Кировский район","МБОУ \"Школа №70\"","Сафин","Ф.","Ф.","м",11,11,{"v":69.49398786823988,"d":"69.49"},100,"Призер","Семёнова Арина Владимировна","МБОУ \"Школа №70\""]
[271,"Ново-Савиновский район","СУНЦ Инженерный лицей-интернат КНИТУ-КАИ","Нуруллин","А.","Р.","м",11,11,{"v":68.73341273689314,"d":"68.73"},100,"Призер","Павлова Э.р.","СУНЦ Инженерный лицей-интернат КНИТУ-КАИ"]
[272,"Московский район","МБОУ \"Школа №34\"","Гарафутдинов","Т.","К.","м",9,9,{"v":68.66173165895572,"d":"68.66"},100,"Призер","Багаутдинов Ильдар Зияфович","МБОУ \"Школа №34\""]
[273,"Советский район","МБОУ \"Школа №169\"","Галлямов","А.","И.","м",11,11,{"v":67.97465435863164,"d":"67.97"},100,"Призер","Неустроева Екатерина Павловна","МБОУ \"Школа №169\""]
[274,"Ново-Савиновский район","МБОУ \"Школа №9\"","Иванова","Д.","П.","ж",9,9,{"v":69.85102775705957,"d":"69.85"},100,"участник","Зарипов Зуфар Зиннурович","МБОУ \"Школа №9\""]
[275,"Ново-Савиновский район","МБОУ \"Школа №113\"","Ахметова","З.","И.","ж",9,9,{"v":69.839694853178,"d":"69.84"},100,"участник","Рыжов А.в.","МБОУ \"Школа №113\""]
[276,"Ново-Савиновский район","МБОУ \"Лицей №177\"","Лифанова","Ю.","В.","ж",9,9,{"v":69.62800863011012,"d":"69.63"},100,"участник","Файзрахманов Айрат Якупович","МБОУ \"Лицей №177\""]
[277,"Приволжский район","МБОУ \"Школа №82\"","Белоногова","П.","Е.","ж",11,11,{"v":69.05555418364406,"d":"69.06"},100,"участник","Хабиров","МБОУ \"Школа №82\""]
[278,"Ново-Савиновский район","МБОУ \"Школа №143\"","Файзрахманова","Ж.","А.","ж",10,10,{"v":68.93366087520297,"d":"68.93"},100,"участник","Билялов Р.у.","МБОУ \"Школа №143\""]
[279,"Приволжский район","МБОУ \"Лицей №35\"","Афанасьева","А.","А.","ж",10,10,{"v":68.38756328458773,"d":"68.39"},100,"участник","Хузиахметова Ирина Ильинична","МБОУ \"Лицей №35\""]
[280,"Ново-Савиновский район","МБОУ \"Гимназия №13\"","Хисматуллина","М.","Р.","ж",10,10,{"v":68.0207534699273,"d":"68.02"},100,"участник","Баранова А.а.","МБОУ \"Гимназия №13\""]
[281,"Советский район","МБОУ \"Гимназия №8 - Центр образования\"","Чернышова","С.","А.","ж",10,10,{"v":68.015291146653,"d":"68.02"},100,"участник","Суслова Елена Александровна","МБОУ \"Гимназия №8 - Центр образования\""]
[282,"Кировский район","МБОУ \"Школа №153\"","Клевина","А.","Р.","ж",11,11,{"v":67.96987972400392,"d":"67.97"},100,"участник","Мандрыка Л.а.","МБОУ \"Школа №153\""]
[283,"Авиастроительный район","МБОУ \"Гимназия №33\"","Гафиятуллина","А.","Р.","ж",9,9,{"v":67.69624929270066,"d":"67.70"},100,"участник","Крымов Н.е.","МБОУ \"Гимназия №33\""]
[284,"Советский район","МБОУ \"Лицей №185\"","Тимуршина","К.","И.","ж",6,9,{"v":67.43435515388373,"d":"67.43"},100,"участник","Булатов А.М.","МБОУ \"Лицей №185\""]
[285,"Кировский район","МБОУ \"Татарская гимназия №15\"","Никитина","Э.","Н.","ж",9,9,{"v":67.05549298096206,"d":"67.06"},100,"участник","Кочнева Анна Константиновна","МБОУ \"Татарская гимназия №15\""]
[286,"Ново-Савиновский район","МБОУ \"Лицей №170\"","Дмитриева","К.","О.","ж",8,9,{"v":66.82111317907831,"d":"66.82"},100,"участник","Саппарова Александра Юрьевна","МБОУ \"Лицей №170\""]
[287,"Приволжский район","МБОУ \"Школа №24\"","Меркушева","О.","А.","ж",10,10,{"v":66.41188678086817,"d":"66.41"},100,"участник","Лукьянов Алексей Юрьевич","МБОУ \"Школа №24\""]
[288,"Московский район","МБОУ \"Школа №34\"","Зыкина","Е.","Д.","ж",9,9,{"v":66.31776369503518,"d":"66.32"},100,"участник","Газетдинов Альберт Рашитович","МБОУ \"Школа №34\""]
[289,"Ново-Савиновский район","МБОУ \"Школа №132\"","Абдуллина","К.","А.","ж",9,9,{"v":66.01211643340562,"d":"66.01"},100,"участник","Хубатуллина А.и.","МБОУ \"Школа №132\""]
[290,"Приволжский район","МБОУ \"Школа №127\"","Кашапова","Э.","Р.","ж",10,10,{"v":65.65488242789297,"d":"65.65"},100,"участник","Токранова З.л.","МБОУ \"Школа №127\""]
[291,"Советский район","МБОУ \"Гимназия №183\"","Валиахметова","М.","И.","ж",11,11,{"v":65.43080644325296,"d":"65.43"},100,"участник","Валиахметов Ильшат Гайсович","МБОУ \"Гимназия №183\""]
[292,"Советский район","МБОУ \"Школа №144\"","Дмитриева","О.","А.","ж",10,10,{"v":65.41424275993037,"d":"65.41"},100,"участник","Саидгараев Ф.ф.","МБОУ \"Школа №144\""]
[293,"Приволжский район","МБОУ \"Школа №10\"","Каширина","В.","М.","ж",10,10,{"v":65.09861705749825,"d":"65.10"},100,"участник","Габдрахманов Р.р.","МБОУ \"Школа №10\""]
[294,"Советский район","МБОУ \"Школа №171\"","Минебаева","Д.","Р.","ж",10,10,{"v":64.05961134968723,"d":"64.06"},100,"участник","Абузяров А.а.","МБОУ \"Школа №171\""]
[295,"Приволжский район","МБОУ \"Школа №173\"","Мушинская","Д.","И.","ж",9,9,{"v":63.958564047287084,"d":"63.96"},100,"участник","Тагирова Р.ш.","МБОУ \"Школа №173\""]
[296,"Кировский район","МБОУ  \"Школа №32\"","Галимова","С.","Ф.","ж",9,9,{"v":63.31282812576953,"d":"63.31"},100,"участник","Вологинаю.с.","МБОУ  \"Школа №32\""]
[297,"Авиастроительный район","МБОУ \"Школа №62\"","Зиннурова","С.","И.","ж",9,9,{"v":62.256128332047254,"d":"62.26"},100,"участник","Талипов Рамиль Рашатович","МБОУ \"Школа №62\""]
[298,"Авиастроительный район","МБОУ \"Лицей №145\"","Круглова","А.","А.","ж",9,9,{"v":62.072841253219366,"d":"62.07"},100,"участник","Семагин Александр Алексеевич","МБОУ \"Лицей №145\""]
[299,"Ново-Савиновский район","МБОУ \"Школа №89\"","Габдулхаева","А.","И.","ж",10,10,{"v":62.06921207424888,"d":"62.07"},100,"участник","Страдаева М.в.","МБОУ \"Школа №89\""]
[300,"Приволжский район","МБОУ \"Школа №129\"","Егорова","С.","А.","ж",10,10,{"v":61.98217102245006,"d":"61.98"},100,"участник","Хабибуллин Равкат Якубович","МБОУ \"Школа №129\""]
[301,"Советский район","МБОУ \"Гимназия №93 имени А.С.Пушкина\"","Крючкова","В.","А.","ж",9,9,{"v":61.392681468904044,"d":"61.39"},100,"участник","Шкаева Алина Ильинична","МБОУ \"Гимназия №93 имени А.С.Пушкина\""]
[302,"Советский район","МБОУ \"Гимназия №174\"","Алексеева","А.","Р.","ж",11,11,{"v":60.832259874956506,"d":"60.83"},100,"участник","Гильфанетдинов И.т.","МБОУ \"Гимназия №174\""]
[303,"Вахитовский район","МАОУ \"Школа №18\"","Гайнутдинова","И.","Р.","ж",11,11,{"v":60.74162600226441,"d":"60.74"},100,"участник","Никифорова А.с","МАОУ \"Школа №18\""]
[304,"Авиастроительный район","МАОУ \"Гимназия №37\"","Тюрина","Б.","А.","ж",10,10,{"v":60.00328444833499,"d":"60.00"},100,"участник","Курбанова Н.а.","МАОУ \"Гимназия №37\""]
[305,"Кировский район","МБОУ \"Школа №70\"","Шигапова","Э.","А.","ж",9,9,{"v":59.8788841534289,"d":"59.88"},100,"участник","Понуркин Артур Сергеевич","МБОУ \"Школа №70\""]
[306,"Кировский район","МБОУ \"Гимназия №4\"","Хуснутдинова","Д.","А.","ж",9,9,{"v":59.411674067892584,"d":"59.41"},100,"участник","Аюпов Рамис Рауфович","МБОУ \"Гимназия №4\""]
[307,"Приволжский район","МБОУ \"Лицей №35\"","Хусаенова","К.","Р.","ж",10,10,{"v":59.26131986510461,"d":"59.26"},100,"участник","Хузиахметова Ирина Ильинична","МБОУ \"Лицей №35\""]
[308,"Вахитовский район","МАОУ \"Лицей №131\"","Любимова","А.","С.","ж",9,9,{"v":58.09662921348315,"d":"58.10"},100,"участник","Асхадуллин Ринат Фазылович","МАОУ \"Лицей №131\""]
[309,"Приволжский район","МБОУ \"Школа №173\"","Фатучева","Р.","Р.","ж",10,10,{"v":57.92653775515883,"d":"57.93"},100,"участник","Тагирова Р.ш.","МБОУ \"Школа №173\""]
[310,"Приволжский район","МБОУ \"Школа №69\"","Мельникова","В.","Е.","ж",9,9,{"v":53.94628177800257,"d":"53.95"},100,"участник","Гунина А.с.","МБОУ \"Школа №69\""]
[311,"Ново-Савиновский район","МБОУ \"Школа №9\"","Миннуллин","М.","И.","м",9,9,{"v":67.95555152833153,"d":"67.96"},100,"призер","Зарипов Зуфар Зиннурович","МБОУ \"Школа №9\""]
[312,"Советский район","МБОУ \"Многопрофильная полилингвальная гимназия №180\"","Газизуллин","Р.","Р.","м",11,11,{"v":67.88525706503233,"d":"67.89"},100,"участник","Газнанов И. Г.","МБОУ \"Многопрофильная полилингвальная гимназия №180\""]
[313,"Московский район","МБОУ \"Гимназия №9\"","Мухутдинов","М.","Г.","м",9,9,{"v":67.67806458143536,"d":"67.68"},100,"участник","Зиновьева Евгения Владимировна","МБОУ \"Гимназия №9\""]
[314,"Вахитовский район","МБОУ \"Лицей №5\"","Нейгум","Д.","А.","м",10,10,{"v":67.66600427152011,"d":"67.67"},100,"участник","Самойлов Р.в.","МБОУ \"Лицей №5\""]
[315,"Московский район","МБОУ \"Гимназия №102 имени М.С.Устиновой\"","Кузьмин","Р.","М.","м",9,9,{"v":67.51924543861458,"d":"67.52"},100,"участник","Романова Ольга Анатольевна","МБОУ \"Гимназия №102 имени М.С.Устиновой\""]
[316,"Вахитовский район","МАОУ \"Лицей №131\"","Саляхов","А.","Р.","м",11,11,{"v":67.25639486036273,"d":"67.26"},100,"участник","Асхадуллин Ринат Фазылович","МАОУ \"Лицей №131\""]
[317,"Кировский район","МБОУ \"Лицей №182\"","Юнусов","Б.","И.","м",11,11,{"v":66.87309574688081,"d":"66.87"},100,"участник","Шихапов Руслан Ринатович","МБОУ \"Лицей №182\""]
[318,"Советский район","МБОУ \"Школа №22-Центр образования\"","Бирюков","М.","А.","м",10,10,{"v":66.82589300687573,"d":"66.83"},100,"участник","Жиряева Рахиля Рашитовна","МБОУ \"Школа №22-Центр образования\""]
[319,"Советский район","МБОУ \"Лицей №159 имени С.Х.Загидуллиной\"","Исламов","Б.","А.","м",9,9,{"v":66.53344082229052,"d":"66.53"},100,"участник","Барлев Виктор Александрович","МБОУ \"Лицей №159 имени С.Х.Загидуллиной\""]
[320,"Ново-Савиновский район","МБОУ \"Школа №132\"","Федоров","А.","Д.","м",9,9,{"v":66.4629712331045,"d":"66.46"},100,"участник","Хубатуллина А.и.","МБОУ \"Школа №132\""]
[321,"Кировский район","МБОУ \"Школа №137\"","Ситдиков","К.","Р.","м",10,10,{"v":66.11473508581562,"d":"66.11"},100,"участник","Баранов В.г.","МБОУ \"Школа №137\""]
[322,"Советский район","МАОУ \"Лицей №121\"","Елисеев","П.","Д.","м",11,11,{"v":66.06633302258639,"d":"66.07"},100,"участник","Слободчиков Сергей Львович","МАОУ \"Лицей №121\""]
[323,"Московский район","МБОУ \"Гимназия №17\"","Гатауллин","И.","А.","м",11,11,{"v":65.89945900957136,"d":"65.90"},100,"участник","Каюмов К.т.","МБОУ \"Гимназия №17\""]
[324,"Московский район","МБОУ \"Школа №55\"","Мосунов","Д.","О.","м",10,10,{"v":64.56940363007779,"d":"64.57"},100,"участник","Евдокимов Андрей Викторович","МБОУ \"Школа №55\""]
[325,"Советский район","МБОУ \"Гимназия №8 - Центр образования\"","Полинчук","М.","Д.","м",10,10,{"v":64.29299913569577,"d":"64.29"},100,"участник","Корнееванаталья Алексеевна","МБОУ \"Гимназия №8 - Центр образования\""]
[326,"Вахитовский район","Муниципальное автономное общеобразовательное учреждение\"Средняя общеобразовательная школа 39 с углубленным изучением английского языка Вахитовского района г.Казани","Куклин","В.","А.","М",11,11,{"v":64.03267332967498,"d":"64.03"},100,"участник","Файзулаев А.Л","Муниципальное автономное общеобразовательное учреждение\"Средняя общеобразовательная школа 39 с углубленным изучением английского языка Вахитовского района г.Казани"]
[327,"Ново-Савиновский район","МБОУ \"Лицей №170\"","Соколов","Г.","А.","м",9,9,{"v":63.90339469280421,"d":"63.90"},100,"участник","Саппарова Александра Юрьевна","МБОУ \"Лицей №170\""]
[328,"Ново-Савиновский район","МБОУ \"Школа №49\"","Халилов","Д.","А.","м",9,9,{"v":63.847741030184466,"d":"63.85"},100,"участник","Зиганшин Артур Рамилевич","МБОУ \"Школа №49\""]
[329,"Московский район","МБОУ \"Школа №99\"","Васильев","Т.","С.","м",10,10,{"v":63.20411238089141,"d":"63.20"},100,"участник","Исламов А.н.","МБОУ \"Школа №99\""]
[330,"Ново-Савиновский район","МБОУ \"Гимназия №179-центр образования\"","Афиногенов","Б.","А.","м",9,9,{"v":62.960654305792666,"d":"62.96"},100,"участник","Хусаинов Д.д.","МБОУ \"Гимназия №179-центр образования\""]
[331,"Советский район","МАОУ \"Лицей №121\"","Куляев","А.","А.","м",9,9,{"v":62.696423498525704,"d":"62.70"},100,"участник","Казаков Александр Сергеевич","МАОУ \"Лицей №121\""]
[332,"Кировский район","МБОУ \"Школа №135\"","Михеев","С.","И.","м",9,9,{"v":62.68524982070284,"d":"62.69"},100,"участник","Максименко К.с.","МБОУ \"Школа №135\""]
[333,"Вахитовский район","МАОУ \"Школа №18\"","Гарифуллин","Б.","А.","м",9,9,{"v":62.59116580464895,"d":"62.59"},100,"участник","Плотникова А.а","МАОУ \"Школа №18\""]
[334,"Кировский район","МБОУ \"Школа №151\"","Губайдуллин","Б.","Д.","м",9,9,{"v":62.55641864991595,"d":"62.56"},100,"участник","Дасаева Ф.а.","МБОУ \"Школа №151\""]
[335,"Приволжский район","МБОУ \"Школа №127\"","Гаязов","Э.","Р.","м",10,10,{"v":62.03357071266551,"d":"62.03"},100,"участник","Токранова З.л.","МБОУ \"Школа №127\""]
[336,"Приволжский район","МБОУ \"Лицей №186-\"Перспектива\"","Шилов","Д.","А.","м",11,11,{"v":61.34109366990399,"d":"61.34"},100,"участник","Сабирзянов Р. Н.","МБОУ \"Лицей №186-\"Перспектива\""]
[337,"Советский район","МБОУ \"Школа №144\"","Хабибуллин","И.","Р.","м",9,9,{"v":61.07703205728876,"d":"61.08"},100,"участник","Худобко Т.е.","МБОУ \"Школа №144\""]
[338,"Вахитовский район","МБОУ \"Гимназия №96\"","Офицеров","Г.","И.","м",11,11,{"v":60.89455875255749,"d":"60.89"},100,"участник","Самарина Ирина Ваделеновна","МБОУ \"Гимназия №96\""]
[339,"Советский район","МБОУ \"Школа №171\"","Муртазин","Б.","Р.","м",11,11,{"v":60.84875121567654,"d":"60.85"},100,"участник","Абузяров А.а.","МБОУ \"Школа №171\""]
[340,"Приволжский район","МБОУ \"Лицей №78 \"Фарватер\"","Терпугов","Д.","М.","м",9,9,{"v":60.44344863327122,"d":"60.44"},100,"участник","Набиев Л.р.","МБОУ \"Лицей №78 \"Фарватер\""]
[341,"Кировский район","МБОУ  \"Школа №32\"","Ахметвалеев","А.","Ф.","м",9,9,{"v":60.35806354816123,"d":"60.36"},100,"участник","Вологинаю.с.","МБОУ  \"Школа №32\""]
[342,"Ново-Савиновский район","МБОУ \"Школа №9\"","Усольцев","А.","А.","м",9,9,{"v":60.34870291612735,"d":"60.35"},100,"участник","Зарипов Зуфар Зиннурович","МБОУ \"Школа №9\""]
[343,"Советский район","МБОУ \"Школа №72\"","Назаров","Е.","Ю.","м",10,10,{"v":60.18234065824799,"d":"60.18"},100,"участник","Магомедрагимов Вадим Рахманович","МБОУ \"Школа №72\""]
[344,"Приволжский район","МБОУ \"Школа №48\"","Конов","А.","С.","м",9,9,{"v":60.094881398252184,"d":"60.09"},100,"участник","Латфуллин И.р.","МБОУ \"Школа №48\""]
[345,"Приволжский район","МБОУ \"Школа №173\"","Филатов","В.","М.","м",10,10,{"v":59.414743052986196,"d":"59.41"},100,"участник","Тагирова Р.ш.","МБОУ \"Школа №173\""]
[346,"Приволжский район","МБОУ \"Гимназия №52\"","Гатауллин","Д.","Д.","м",9,9,{"v":58.613297037541145,"d":"58.61"},100,"участник","Михеева Д.ф.","МБОУ \"Гимназия №52\""]
[347,"Кировский район","МБОУ \"Лицей №188\"","Гайфетдинов","Т.","Р.","м",10,10,{"v":58.222084297692746,"d":"58.22"},100,"участник","Гиниятуллина Я.в","МБОУ \"Лицей №188\""]
[348,"Кировский район","МБОУ \"Гимназия №50\"","Родионов","А.","А.","м",9,9,{"v":57.07758937691522,"d":"57.08"},100,"участник","Мычилкина Зоя Дмитриевна","МБОУ \"Гимназия №50\""]
[349,"Советский район","МБОУ \"Гимназия №184\"","Ларин","Г.","В.","м",9,9,{"v":57.02174391984444,"d":"57.02"},100,"участник","Гаязова Л.а","МБОУ \"Гимназия №184\""]
[350,"Приволжский район","МБОУ \"Лицей №83-Центр образования\"","Садыков","Д.","Р.","м",9,9,{"v":57.013894819212545,"d":"57.01"},100,"участник","Халиуллин Айрат Радифович","МБОУ \"Лицей №83-Центр образования\""]
[351,"Ново-Савиновский район","МБОУ \"Школа №49\"","Тимергаянова","К.","А.","ж",9,9,{"v":53.924070784209675,"d":"53.92"},100,"участник","Зиганшин Артур Рамилевич","МБОУ \"Школа №49\""]
[352,"Ново-Савиновский район","МБОУ \"Гимназия №179-центр образования\"","Кротовская","М.","С.","Ж",9,9,{"v":53.9081570115278,"d":"53.91"},100,"участник","Хусаинов Данияр Динисламович","МБОУ \"Гимназия №179-центр образования\""]
[353,"Советский район","МБОУ \"Гимназия №184\"","Файзрахманова","З.","А.","ж",11,11,{"v":53.682754904504364,"d":"53.68"},100,"участник","Кашапов Н.а","МБОУ \"Гимназия №184\""]
[354,"Приволжский район","МБОУ \"Гимназия №52\"","Сабирова","Р.","Р.","ж",9,9,{"v":50.66966794862127,"d":"50.67"},100,"участник","Михеева Д.ф.","МБОУ \"Гимназия №52\""]
[355,"Приволжский район","МБОУ \"Лицей №35\"","Гиниатуллина","А.","А.","ж",9,9,{"v":44.68964439931714,"d":"44.69"},100,"участник","Мансуров Дмитрий Андреевич","МБОУ \"Лицей №35\""]
[356,"Советский район","МБОУ \"Гимназия №90\"","Хабибрахманова","З.","М.","ж",9,9,{"v":42.26398895068871,"d":"42.26"},100,"участник","Крылов Николай Сергеевич","МБОУ \"Гимназия №90\""]
[357,"Вахитовский район","МБОУ \"Школа №80 имени Каюма Насыри\"","Исрафилова","С.","А.","ж",10,10,{"v":40.5438202247191,"d":"40.54"},100,"участник","Фаткуллин Ф.т.","МБОУ \"Школа №80 имени Каюма Насыри\""]
[358,"Кировский район","МБОУ \"Лицей №182\"","Гайнетдинова","Л.","Р.","ж",11,11,{"v":39.9894415457577,"d":"39.99"},100,"участник","Глебова Анастасия Алексеевна","МБОУ \"Лицей №182\""]
[359,"Вахитовский район","МБОУ \"Гимназия №27\"","Халилова","Л.","Х.","ж",11,11,{"v":37.00928956914093,"d":"37.01"},100,"участник","Галиуллин Камиль Масхутович","МБОУ \"Гимназия №27\""]
[360,"Московский район","МБОУ \"Гимназия №9\"","Севрюгина","С.","И.","ж",10,10,{"v":36.98496110630942,"d":"36.98"},100,"участник","Матросова Светлана Львовна","МБОУ \"Гимназия №9\""]
[361,"Приволжский район","МБОУ \"Школа №100-Центр образования\"","Зимина","С.","И.","ж",10,10,{"v":35.9191011235955,"d":"35.92"},100,"участник","Якупов Ильмир Ильсурович","МБОУ \"Школа №100-Центр образования\""]
[362,"Советский район","МБОУ \"Школа №167\"","Помелова","Е.","П.","ж",9,9,{"v":33.242696629213484,"d":"33.24"},100,"участник","Иванова Наталия Геннадьевна","МБОУ \"Школа №167\""]
[363,"Советский район","МБОУ \"Школа №169\"","Ситдикова","А.","У.","ж",10,10,{"v":33.0165057954592,"d":"33.02"},100,"участник","Неустроева Екатерина Павловна","МБОУ \"Школа №169\""]
[364,"Вахитовский район","АНОО  \"Академия БС\"","Гиниятуллина","А.","А.","ж",9,9,{"v":30.6,"d":"30.60"},100,"участник","Новиков А.с.","АНОО  \"Академия БС\""]
[365,"Вахитовский район","МБОУ \"Школа №98\"","Викторова","С.","И.","ж",9,9,{"v":30.08176195940046,"d":"30.08"},100,"участник","Сагдатуллин Г. Г.","МБОУ \"Школа №98\""]
[366,"Кировский район","МАОУ \"Гимназия-интернат №4\"","Мифтахова","Л.","И.","ж",10,10,{"v":29.93987400806463,"d":"29.94"},100,"участник","Вафинар.р.","МАОУ \"Гимназия-интернат №4\""]
[367,"Советский район","МБОУ \"Многопрофильная полилингвальная гимназия №180\"","Рожкова","М.","О.","ж",11,11,{"v":27.92594317081837,"d":"27.93"},100,"участник","Яшина Л. А.","МБОУ \"Многопрофильная полилингвальная гимназия №180\""]
[368,"Советский район","МБОУ \"Школа №84\"","Гущина","Д.","Е.","ж",9,9,{"v":26.18528435806439,"d":"26.19"},100,"участник","Гумеров Руслан Ринатович","МБОУ \"Школа №84\""]
[369,"Приволжский район","МБОУ \"Школа №136\"","Карипова","Д.","И.","ж",9,9,{"v":25.762457944518506,"d":"25.76"},100,"участник","Корнетов В.в.","МБОУ \"Школа №136\""]
[370,"Кировский район","МБОУ \"Лицей №188\"","Барнаева","У.","А.","ж",10,10,{"v":23.918333513123756,"d":"23.92"},100,"участник","Гиниятуллина Я.в","МБОУ \"Лицей №188\""]
[371,"Приволжский район","МБОУ \"Гимназия №18\"","Аминова","М.","Ш.","ж",9,9,{"v":17.303370786516854,"d":"17.30"},100,"участник","Закиров Ранис Раисович","МБОУ \"Гимназия №18\""]
[372,"Ново-Савиновский район","МБОУ \"Лицей №23\"","Котельникова","П.","А.","ж",11,11,{"v":14.157303370786517,"d":"14.16"},100,"участник","Мамлютоваа.с.","МБОУ \"Лицей №23\""]
[373,"Кировский район","МБОУ \"Школа №151\"","Кадирметова","К.","Ф.","ж",9,9,{"v":4.269662921348314,"d":"4.27"},100,"участник","Дасаева Ф.а.","МБОУ \"Школа №151\""]
[374,"Вахитовский район","МБОУ \"Школа №1\"","Низамов","М.","М.","м",9,9,{"v":56.66235789724292,"d":"56.66"},100,"участник","Куманина Р.р","МБОУ \"Школа №1\""]
[375,"Советский район","МБОУ \"Школа №169\"","Махмутов","Э.","И.","м",9,9,{"v":55.19877944447613,"d":"55.20"},100,"участник","Неустроева Екатерина Павловна","МБОУ \"Школа №169\""]
[376,"Приволжский район","МБОУ \"Школа №100-Центр образования\"","Сафиуллин","Р.","Р.","м",11,11,{"v":54.77316603457035,"d":"54.77"},100,"участник","Якупов Ильмир Ильсурович","МБОУ \"Школа №100-Центр образования\""]
[377,"Советский район","МБОУ \"Школа №156\"","Бикматов","А.","Р.","м",10,10,{"v":53.3906505756693,"d":"53.39"},100,"участник","Саетов Т.а.","МБОУ \"Школа №156\""]
[378,"Приволжский район","СУНЦ IT-лицей КФУ","Садиков","И.","И.","м",9,9,{"v":45.362152419436896,"d":"45.36"},100,"участник","Чапурин Артем Игоревич","СУНЦ IT-лицей КФУ"]
[379,"Авиастроительный район","МБОУ \"Школа№77\"","Ганиев","Н.","Н.","м",10,10,{"v":42.66981088454247,"d":"42.67"},100,"участник","Королев Андрей Анатольевич","МБОУ \"Школа№77\""]
[380,"Авиастроительный район","МБОУ \"Гимназия №36\"","Мишин","В.","Е.","м",10,10,{"v":42.553822110850646,"d":"42.55"},100,"участник","Нигматуллина Аделия Рамилевна","МБОУ \"Гимназия №36\""]
[381,"Кировский район","МБОУ \"Татарская гимназия №15\"","Гайнетдинов","С.","Р.","м",11,11,{"v":41.80898876404494,"d":"41.81"},100,"участник","Кочнева Анна Константиновна","МБОУ \"Татарская гимназия №15\""]
[382,"Ново-Савиновский район","МБОУ \"Школа №143\"","Костягин","В.","Д.","м",9,9,{"v":37.60015170909781,"d":"37.60"},100,"участник","Хамидуллин И.р.","МБОУ \"Школа №143\""]
[383,"Ново-Савиновский район","МБОУ \"Гимназия №13\"","Платунов","Д.","А.","м",10,10,{"v":37.28122601507354,"d":"37.28"},100,"участник","Баранова А.а.","МБОУ \"Гимназия №13\""]
[384,"Советский район","МБОУ \"Школа №169\"","Закиров","И.","И.","м",10,10,{"v":35.12193091968373,"d":"35.12"},100,"участник","Гаффаров Наиль Рафаилович","МБОУ \"Школа №169\""]
[385,"Приволжский район","МБОУ \"Школа №136\"","Борисов","А.","Д.","м",9,9,{"v":34.226808519710886,"d":"34.23"},100,"участник","Корнетов В.в.","МБОУ \"Школа №136\""]
[386,"Вахитовский район","ФГКОУ \"Казанское суворовское военное училище\"","Калашников","Р.","А.","м",11,11,{"v":34.09867324844737,"d":"34.10"},100,"участник","Созинов К.а.","ФГКОУ \"Казанское суворовское военное училище\""]
[387,"Советский район","МБОУ \"Школа №84\"","Фаттахов","Я.","М.","м",9,9,{"v":33.587093056755975,"d":"33.59"},100,"участник","Гумеров Руслан Ринатович","МБОУ \"Школа №84\""]
[388,"Авиастроительный район","МБОУ \"Школа №62\"","Кораблев","Д.","А.","м",9,9,{"v":33.27874174057824,"d":"33.28"},100,"участник","Талипов Рамиль Рашатович","МБОУ \"Школа №62\""]
[389,"Ново-Савиновский район","МБОУ \"Лицей №177\"","Мартынов","Г.","Е.","м",11,11,{"v":31.923050732039496,"d":"31.92"},100,"участник","Ярохно Анатолий Дмитриевич","МБОУ \"Лицей №177\""]
[390,"Советский район","МАОУ \"Гимназия №141\"","Бакаев","А.","М.","м",9,9,{"v":29.6,"d":"29.60"},100,"участник","Хабибуллин Ильсур Мансурович","МАОУ \"Гимназия №141\""]
[391,"Вахитовский район","МБОУ \"Гимназия №27\"","Михайлов","Б.","В.","м",10,10,{"v":26.934669985870954,"d":"26.93"},100,"участник","Галиуллин Камиль Масхутович","МБОУ \"Гимназия №27\""]
[392,"Московский район","МБОУ \"Школа №64\"","Шайхутдинов","Ш.","М.","м",10,10,{"v":26.753993871297244,"d":"26.75"},100,"участник","Драгунов К.а.","МБОУ \"Школа №64\""]
[393,"Вахитовский район","МБОУ \"Гимназия №28\"","Токобаев","Б.","Н.","м",11,11,{"v":23.43603206272533,"d":"23.44"},100,"участник","Грошиков","МБОУ \"Гимназия №28\""]
[394,"Московский район","МБОУ \"Школа №87\"","Каюмов","К.","Э.","м",10,10,{"v":23.206246926808504,"d":"23.21"},100,"участник","Склярова А.н.","МБОУ \"Школа №87\""]
[395,"Ново-Савиновский район","МБОУ \"Гимназия №7\"","Трофимов","Г.","К.","м",10,10,{"v":16.853932584269664,"d":"16.85"},100,"участник","Игошин Вячеслав Юрьевич","МБОУ \"Гимназия №7\""]
[396,"Советский район","МБОУ \"Многопрофильная школа №181\"","Кондрышев","Г.","А.","м",9,9,{"v":9.887640449438202,"d":"9.89"},100,"участник","Насретдинова","МБОУ \"Многопрофильная школа №181\""]
[397,"Ново-Савиновский район","МБОУ \"Гимназия №107\"","Халиуллин","Р.","А.","м",11,11,{"v":8.314606741573034,"d":"8.31"},100,"участник","Леднев И.и","МБОУ \"Гимназия №107\""]
[398,"Ново-Савиновский район","МАОУ \"Лицей-интернат №7\"","Алтынбаев","Я.","А.","м",10,10,{"v":7.865168539325842,"d":"7.87"},100,"участник","Кульманов Регин Рафисович","МАОУ \"Лицей-интернат №7\""]
[399,"Вахитовский район","МБОУ \"Школа №98\"","Сайфуллин","Э.","А.","м",10,10,{"v":7.865168539325842,"d":"7.87"},100,"участник","Сагдатуллин Г. Г.","МБОУ \"Школа №98\""]
[400,"Приволжский район","МАОУ \"Гимназия №139-Центр образования\"","Шарапов","Д.","В.","м",9,9,{"v":7.415730337078652,"d":"7.42"},100,"участник","Галкин Виктор Юрьевич","МАОУ \"Гимназия №139-Центр образования\""]
[401,"Приволжский район","МБОУ \"Лицей №35\"","Загорский","М.","В.","м",10,10,{"v":7.191011235955056,"d":"7.19"},100,"участник","Софьин Никита Игоревич","МБОУ \"Лицей №35\""]
[402,"Вахитовский район","МБОУ \"Школа №80 имени Каюма Насыри\"","Гудов","Г.","О.","м",10,10,{"v":6.741573033707865,"d":"6.74"},100,"участник","Фаткуллин Ф.т.","МБОУ \"Школа №80 имени Каюма Насыри\""]
[403,"Кировский район","МБОУ \"Школа №81\"","Валиев","Э.","Ф.","м",9,9,{"v":5.168539325842697,"d":"5.17"},100,"участник","Тимофеев А.а","МБОУ \"Школа №81\""]
[404,"Приволжский район","МБОУ \"Лицей №83-Центр образования\"","Ильин","С.","С.","м",11,11,{"v":4.49438202247191,"d":"4.49"},100,"участник","Савушкин Ранель Михайлович","МБОУ \"Лицей №83-Центр образования\""]